{"text_format":"3","workbook":"xls","n_sheets":1,"sheets":["MGB 7"],"not_rendered":{"external_links":1,"defined_names":2},"read":"whole","date_system":"1900","formulas":"cached_only"}

{"sheet":"MGB 7","index":0,"n_rows":771,"n_cols":19,"rows_kept":771,"merged":[[0,0,0,18],[1,0,1,18],[27,0,28,0],[27,1,28,1],[27,2,27,14],[27,16,28,16],[27,17,28,17],[29,0,29,18],[748,17,748,18],[749,17,749,18],[750,17,750,18],[757,0,757,18],[766,2,766,6],[766,11,766,14],[767,2,767,6],[767,11,767,14],[768,2,768,6],[770,17,770,18],[771,17,771,18]],"flags":["formulas_cached_only"]}
["ANNUAL PROCUREMENT PLAN FOR 2013"]
["For Common-Use Supplies and Equipment"]
[]
["INSTRUCTIONS IN FILLING OUT THE ANNUAL PROCUREMENT PLAN (APP) FORM:"]
["                1.     Select the appropriate worksheet depending on the nearest Regional/Provincial Depot on your area."]
["                2.     For Sub - Depots please refer to the following:"]
["                            a. Bukidnon, Puerto Princesa Palawan, Biliran, Borongan, and Misamis Occidental (Oroquieta) - Region XIII"]
["                            b. Misamis Oriental, Calbayog, and Bontoc  - Regions VI, VII, VIII, X, & XI"]
["                            c. Zamboanga - Zamboanga"]
["                            d. Surigao Del Norte - Surigao Del Norte"]
["                            e. Camiguin - Camiguin"]
["3.       Indicate the agency’s monthly requirement per item in the APP form.  The form will automatically compute for the Total Amount per item and the Grand Total."]
["4.       Do not delete any field in the APP Form."]
["5.       For Other Items not available from the Procurement Service but regularly purchased from other sources, agency must specify/indicate the item name under each category and unit price based on their last "]
["       purchase of the item/s. These items will be evaluated by the Procurement Service and may be considered Common Supplies or Equipment (CSE). Items will be added to the electronic catalogue / virtual store as"]
["       as soon as it is procured and made available by the Procurement Service."]
["6.       Submit the duly accomplished APP form in one (1) hard copy  (duly signed by Agency officials) to the Agency's respective Budget Management Bureau in the DBM Central Office "]
["       or to the DBM Regional Office and email at app@procurementservice.org"]
["7.       Consistent with DBM Circular No. 2011-6, the APP for FY 2013 must be submitted on or before November 15, 2012."]
["8.     Rename your APP file in the following format- APP2013 - Sector (NGA/GOCC/GFI/Constitutional Office/Other Executie Offices(OEOs)/SUC/LGU) - Name of Agency  - Region (e.g. APP2012 - NGA - DBM-PS - Central Office)  "]
["9.       For further assistance/clarification, agencies may call the Planning Division of the Procurement Service at telephone nos. (02)561-6116 or (02)563-9397."]
[]
["Department/Bureau/Office:  MINES AND GEOSCIENCES BUREAU ",{"$nulls":11},"Contact Person:  Ma. Lourdes R. Kintanar"]
["Region:  VII",{"$nulls":11},"Position:  Designated Supply Officer"]
["Address: Greenplains Subd., Banilad, Mandaue City, Cebu",{"$nulls":11},"E-mail :  mgb7cebu@yahoo.com/mgb7finance@yahoo.com"]
[{"$nulls":12},"Telephone/Fax No :  (032)-236-1139"]
[]
["Item & Specifications","Unit of Measure","Quantity Requirement",{"$nulls":13},"** PS Price Catalogue as of (06.30.2012)","** PS Price Catalogue as of (06.30.2012)","Total"]
[null,null,"Jan","Feb","March ","April ","May ","June","July","Aug","Sept","Oct","Nov","Dec","Total",{"$nulls":3},"Amount"]
["A. AVAILABLE AT PROCUREMENT SERVICE STORES"]
["COMMON ELECTRICAL SUPPLIES"]
["1.  BALLAST, 18 watts","piece",{"$nulls":12},0,{"v":1.05,"d":"1.050"},73.74,{"v":77.42699999999999,"d":"77.43"},0]
["2.  BALLAST, 36 watts","piece",{"$nulls":12},0,{"v":1.05,"d":"1.050"},69.63,{"v":73.11149999999999,"d":"73.11"},0]
["3.  BATTERY, size AA, alkaline, 2 pcs./packet","packet",11,2,16,3,7,4,18,2,7,7,16,2,95,{"v":1.05,"d":"1.050"},{"v":36.4,"d":"36.40"},38.22,{"v":3630.9,"d":"3,630.90"}]
["4.  BATTERY, size AAA, alkaline, 2 pcs./packet","packet",null,4,null,4,null,null,4,{"$nulls":3},4,null,16,{"v":1.05,"d":"1.050"},15.59,{"v":16.369500000000002,"d":"16.37"},{"v":261.91200000000003,"d":"261.91"}]
["5.  BATTERY, size D, alkaline, 2 pcs./packet","packet",{"$nulls":12},0,{"v":1.05,"d":"1.050"},72.33,{"v":75.9465,"d":"75.95"},0]
["6.  FLUORESCENT LIGHTING FIXTURE, 1 x 20W","set",{"$nulls":12},0,{"v":1.05,"d":"1.050"},{"v":327.6,"d":"327.60"},343.98,0]
["7.  FLUORESCENT LIGHTING FIXTURE, 1 x 40W","set",{"$nulls":12},0,{"v":1.05,"d":"1.050"},{"v":416,"d":"416.00"},{"v":436.8,"d":"436.80"},0]
["8.  FLUORESCENT LAMP, tubular, 18 watts","piece",{"$nulls":12},0,{"v":1.05,"d":"1.050"},34.27,{"v":35.98350000000001,"d":"35.98"},0]
["9.  FLUORESCENT LAMP, tubular, 36 watts","piece",{"$nulls":12},0,{"v":1.05,"d":"1.050"},36.35,{"v":38.167500000000004,"d":"38.17"},0]
["10.  COMPACT FLUORESCENT LIGHT, 18 watts","piece",{"$nulls":12},0,{"v":1.05,"d":"1.050"},103.79,{"v":108.97950000000002,"d":"108.98"},0]
["11.  FUSE, 30 amperes","piece",{"$nulls":12},0,{"v":1.05,"d":"1.050"},10.35,{"v":10.8675,"d":"10.87"},0]
["12.  FUSE, 60 amperes","piece",{"$nulls":12},0,{"v":1.05,"d":"1.050"},25.48,{"v":26.754,"d":"26.75"},0]
["13.  STARTER, 4-40 watts","piece",{"$nulls":12},0,{"v":1.05,"d":"1.050"},{"v":3.9,"d":"3.90"},{"v":4.095,"d":"4.10"},0]
["14.  TAPE, electrical","roll",1,{"$nulls":5},1,{"$nulls":5},2,{"v":1.05,"d":"1.050"},{"v":18.2,"d":"18.20"},19.11,38.22]
[{"$nulls":15},{"v":1.05,"d":"1.050"}]
["COMMON COMPUTER SUPPLIES/CONSUMABLES",{"$nulls":14},{"v":1.05,"d":"1.050"}]
["1.  COMPUTER CONTINUOUS FORMS, 1 ply, 11\" x 9-1/2\", 2000 sheets/box","box",{"$nulls":12},0,{"v":1.05,"d":"1.050"},{"v":508.9,"d":"508.90"},{"v":534.345,"d":"534.35"},0]
["2.  COMPUTER CONTINUOUS FORMS, 1 ply, 11\" x 14-7/8\", 2000 sheets/box","box",{"$nulls":12},0,{"v":1.05,"d":"1.050"},755.61,{"v":793.3905000000001,"d":"793.39"},0]
["3.  COMPUTER CONTINUOUS FORMS, 2 ply, 11\" x 9-1/2\", 1000 sets/box","box",{"$nulls":12},0,{"v":1.05,"d":"1.050"},561.18,{"v":589.2389999999999,"d":"589.24"},0]
["4.  COMPUTER CONTINUOUS FORMS, 2 ply, 11\" x 14-7/8\", 1000 sets/box","box",{"$nulls":12},0,{"v":1.05,"d":"1.050"},871.78,{"v":915.369,"d":"915.37"},0]
["5.  COMPUTER CONTINUOUS FORMS, 3 ply, 11 x 9-1/2\", 500 sets/box","box",2,null,1,1,null,2,1,null,1,1,null,null,9,{"v":1.05,"d":"1.050"},462.28,{"v":485.394,"d":"485.39"},{"v":4368.546,"d":"4,368.55"}]
["6.  COMPUTER CONTINUOUS FORMS, 3 ply,  11\" x 14-7/8\", 500 sets/box","box",1,{"$nulls":11},1,{"v":1.05,"d":"1.050"},715.52,{"v":751.296,"d":"751.30"},{"v":751.296,"d":"751.30"}]
["7.  COMPUTER CONTINUOUS FORMS, 4 ply, 11 x 9-1/2\", 250 sets/box","box",{"$nulls":12},0,{"v":1.05,"d":"1.050"},324.79,{"v":341.02950000000004,"d":"341.03"},0]
["8.  COMPUTER CONTINUOUS FORMS, 4 ply, 11\" x 14-7/8\", 250 sets/box","box",{"$nulls":12},0,{"v":1.05,"d":"1.050"},528.94,{"v":555.3870000000001,"d":"555.39"},0]
["9.  COMPACT DISK RECORDABLE, min. of 700MB, 1x - 52x minimum speed, 80 min recording time","piece",1050,{"$nulls":11},1050,{"v":1.05,"d":"1.050"},{"v":10.4,"d":"10.40"},{"v":10.920000000000002,"d":"10.92"},{"v":11466.000000000002,"d":"11,466.00"}]
["10.  COMPACT DISK REWRITABLE, 700MB min. capacity, 80 minutes recording time, 4x - 10x min speed","piece",5,5,null,10,null,null,10,null,null,10,null,null,40,{"v":1.05,"d":"1.050"},18.18,{"v":19.089000000000002,"d":"19.09"},{"v":763.5600000000001,"d":"763.56"}]
["11. COMPACT DISK STORAGE CASE, 50 CDs capacity, min, made of durable plastic or nylon fabric, double sided sleeves, with closure","piece",{"$nulls":13},{"v":1.05,"d":"1.050"},53.04,{"v":55.692,"d":"55.69"}]
["12.  DVD RECORDABLE, 16x speed, 4.7GB capacity","piece",105,400,null,5,null,null,5,null,null,5,null,null,520,{"v":1.05,"d":"1.050"},14.02,{"v":14.721,"d":"14.72"},{"v":7654.92,"d":"7,654.92"}]
["13. DVD RE-WRITABLE, 4x speed, 4.7GB capacity","piece",{"$nulls":12},0,{"v":1.05,"d":"1.050"},22.34,{"v":23.457,"d":"23.46"},0]
["14.  FLASH DRIVE, 8GB, USB 2.0,  plug and play","piece",5,4,{"$nulls":3},3,{"$nulls":6},12,{"v":1.05,"d":"1.050"},372.32,{"v":390.93600000000004,"d":"390.94"},{"v":4691.232,"d":"4,691.23"}]
["15.  INK CARTRIDGE, HP 51645A (HP 45), black, for HP Deskjet 710c, 720c, 820cxi, 830c, 850c, 870cxi, 880c, 890c, 895cxi, 930c, 950c, 960c, 970cxi, 990cxi, 1000cxi, 1120c, 1125c, 1180c, 1220c, 1600c, 1600cm, 6122, 9300, HP Officejet G55, G85, G95, K60, K80, r45, r65, t45, t65 All-in-One  HP Officejet Pro 1150c, 1170c, 1175c All-in-One, HP Photosmart P1000, P1100, P1215, P1218","cart",6,1,6,1,6,1,6,1,6,1,6,null,41,{"v":1.05,"d":"1.050"},{"v":1216.86,"d":"1,216.86"},{"v":1277.703,"d":"1,277.70"},{"v":52385.823,"d":"52,385.82"}]
["16.  INK CARTRIDGE, HP C6615DA (HP 15), black, for HP Deskjet 810c, 840c, 845c, 920c, 948c, 3820, HP Officejet 5110, v40 All-in-One, HP PSC 500, 750, 950 All-in-One","cart",{"$nulls":12},0,{"v":1.05,"d":"1.050"},{"v":1149.54,"d":"1,149.54"},{"v":1207.017,"d":"1,207.02"},0]
["17.  INK CARTRIDGE, HP C1823DA (HP 23), tricolor, for HP Deskjet 710c, 720c, 810c, 830c, 880c, 890c, 895cxi, 1120c, 1125c                                 HP Officejet Pro 1170c, 1175c, r45, r65, t45, t65 All-in-One                                                         HP PSC 500 All-in-One","cart",{"$nulls":12},0,{"v":1.05,"d":"1.050"},{"v":1489.2,"d":"1,489.20"},{"v":1563.66,"d":"1,563.66"},0]
["18.  INK CARTRIDGE, HP C6625A (HP 17), tricolor, for HP Deskjet 840c, 845c","cart",{"$nulls":12},0,{"v":1.05,"d":"1.050"},{"v":1250.52,"d":"1,250.52"},{"v":1313.046,"d":"1,313.05"},0]
["19.  INK CARTRIDGE, HP C6578A/D (HP 78), tricolor, for HP Deskjet 920c, 930c, 948c, 950c, 960c, 970cxi, 990cxi, 1180c, 1220c, 3820, 6122, 9300 HP Officejet 5110, G55, G85, G95, K60, K80, v40 All-in-One, HP PSC 750, 950 All-in-One, HP Photosmart P1000, P1100, P1215, P1218","cart",4,1,5,1,4,2,4,1,5,1,4,1,33,{"v":1.05,"d":"1.050"},{"v":1352.52,"d":"1,352.52"},{"v":1420.146,"d":"1,420.15"},{"v":46864.818,"d":"46,864.82"}]
["20.  INK CARTRIDGE, HP C6614D (HP 20), black, 28mL, for HP Deskjet 610c, 630c, 640c, 656c","cart",{"$nulls":12},0,{"v":1.05,"d":"1.050"},{"v":1277.04,"d":"1,277.04"},{"v":1340.892,"d":"1,340.89"},0]
["21.  INK CARTRIDGE, HP C4844A (HP 10), black, 69mL, for HP Officejet 9110, 9120, 9130 All-in-One, HP Business Inkjet 1100+ printer series, 1200+ printer series, 2000 printer series, 2230+, 2280+ printer series, 2300+ printer series, 2500 printer series, 2600+ printer series, HP Colour Printer cp1700 series","cart",1,{"$nulls":4},1,{"$nulls":6},2,{"v":1.05,"d":"1.050"},{"v":1332.12,"d":"1,332.12"},{"v":1398.7259999999999,"d":"1,398.73"},{"v":2797.4519999999998,"d":"2,797.45"}]
["22.  INK CARTRIDGE, HP C8727AA (HP 27), black, 10mL, for HP Deskjet 3320, 3325, 3420, 3535, 3550, 3650, 3744, 3745, 3845                                                                                                                                          HP PSC 1110, 1210, 1315 All-in-One","cart",null,3,null,null,2,null,2,null,null,2,null,null,9,{"v":1.05,"d":"1.050"},743.58,{"v":780.7590000000001,"d":"780.76"},{"v":7026.831000000001,"d":"7,026.83"}]
["23.  INK CARTRIDGE, HP C8728AA (HP 28), tri-color, for HP Deskjet 3320, 3325, 3420, 3535, 3550, 3650, 3744, 3745, 3845, HP Officejet 4110, 4255 All-in-One, HP PSC 1110, 1210, 1315 All-in-One","cart",null,2,null,null,2,null,2,{"$nulls":5},6,{"v":1.05,"d":"1.050"},873.12,{"v":916.7760000000001,"d":"916.78"},{"v":5500.656000000001,"d":"5,500.66"}]
["24.  INK CARTRIDGE, HP C6656AA (HP 56), black, for HP Deskjet 840c, 845c","cart",1,null,null,1,null,null,1,{"$nulls":3},1,null,4,{"v":1.05,"d":"1.050"},{"v":810.9,"d":"810.90"},{"v":851.445,"d":"851.45"},{"v":3405.78,"d":"3,405.78"}]
["25.  INK CARTRIDGE, HP C6657AA (HP 57), tri-color, for HP Deskjet 450 printer series, 5160, 5550, 5650, 5652, 9650, 9680                                     HP Officejet 4110, 4255, 5510, 6110 All-in-One, HP PSC 1110, 1210, 1315, 1350, 2110, 2210, 2310 All-in-One, HP PSC 2410, 2510, Photosmart All-in-One, HP Photosmart 7150, 7260, 7268, 7450, 7550, 7660, 7760, 7960","cart",1,{"$nulls":4},1,{"$nulls":4},1,null,3,{"v":1.05,"d":"1.050"},{"v":1352.52,"d":"1,352.52"},{"v":1420.146,"d":"1,420.15"},{"v":4260.438,"d":"4,260.44"}]
["26.  INK CARTRIDGE, HP C9351AA (HP 21), black, for HP Deskjet 3920, 3940, HP PSC 1410, 1402","cart",2,3,null,1,3,null,1,3,null,1,3,null,17,{"v":1.05,"d":"1.050"},615.06,{"v":645.813,"d":"645.81"},{"v":10978.821,"d":"10,978.82"}]
["27.  INK CARTRIDGE, HP C9352AA (HP 22), tri-color, for HP Deskjet 3920, 3940, HP Officejet 5610, HP PSC 1410, 1402","cart",1,3,1,1,1,3,1,1,3,1,3,1,20,{"v":1.05,"d":"1.050"},{"v":708.9,"d":"708.90"},{"v":744.345,"d":"744.35"},{"v":14886.900000000001,"d":"14,886.90"}]
["28.  INK CARTRIDGE, HP C8765WA (HP 94), black, 11 mL, for HP Deskjet 3320, 3325, 3420, 3535, 3550, 3650, 3744, 3745, 3845, HP Officejet 4110, 4255 All-in-One, HP PSC 1110, 1210, 1315 All-in-One","cart",{"$nulls":12},0,{"v":1.05,"d":"1.050"},820.08,{"v":861.0840000000001,"d":"861.08"},0]
["29.  INK CARTRIDGE, HP C8766WA (HP 95), tri-color, for HP Deskjet 460, 5740, 6540, 6840, HP Officejet 7410 All-in-One                                                                                                             HP PSC 2355 All-in-One, HP Photosmart 325, 375, 2610, 2710, 8150, 8450","cart",{"$nulls":12},0,{"v":1.05,"d":"1.050"},{"v":984.3,"d":"984.30"},{"v":1033.515,"d":"1,033.52"},0]
["30.  INK CARTRIDGE, HP C9361WA (HP 93), tri-color, for HP Deskjet D4160, 5440, HP Officejet 6310 All-in-One, HP PSC 1510 All-in-One, HP Photosmart 7830, C3180, C4180 All-in-One","cart",{"$nulls":12},0,{"v":1.05,"d":"1.050"},787.44,{"v":826.8120000000001,"d":"826.81"},0]
["31.  INK CARTRIDGE, HP C9362WA (HP 92), black, for HP Deskjet 5440, HP Officejet 6310 All-in-One, HP PSC 1510 All-in-One                                                                                                                      HP Photosmart 7830, C3180 All-in-One","cart",{"$nulls":12},0,{"v":1.05,"d":"1.050"},588.54,{"v":617.967,"d":"617.97"},0]
["32.  INK CARTRIDGE, HP CB314A (HP 900), black, for HP Deskjet 900, 910, 915","cart",7,null,2,4,2,null,4,2,null,9,null,null,30,{"v":1.05,"d":"1.050"},256.02,{"v":268.82099999999997,"d":"268.82"},{"v":8064.629999999999,"d":"8,064.63"}]
["33.  INK CARTRIDGE, HP CB315A (HP 900), tri-color, for HP Deskjet 900, 910, 915","cart",5,null,2,3,2,null,3,2,null,5,null,null,22,{"v":1.05,"d":"1.050"},329.46,{"v":345.933,"d":"345.93"},{"v":7610.526,"d":"7,610.53"}]
["34. INK CARTRIDGE, HP C4814AA (HP13), black, 28 ml, for HP Officejet Pro K850, HP Business Inkjet CP1700, 1000, 1100, 1200, 2000, 2200, 2230, 2250, 2280, 2300, 2500, 2600, 2800, 3000 printer series","cart",{"$nulls":12},0,{"v":1.05,"d":"1.050"},981.24,{"v":1030.3020000000001,"d":"1,030.30"},0]
["34. INK CARTRIDGE, HP C4815A (HP 13), cyan, for HP Officejet Pro K850, HP Business Inkjet CP1700, 1000, 1100, 1200, 2000, 2200, 2230, 2250, 2280, 2300, 2500, 2600, 2800, 3000 printer series","cart",{"$nulls":12},0,{"v":1.05,"d":"1.050"},981.24,{"v":1030.3020000000001,"d":"1,030.30"},0]
["35. INK CARTRIDGE, HP C4816A (HP 13), magenta, 14 ml, for HP Officejet Pro K850                                                                                                                        HP Business Inkjet CP1700, 1000, 1100, 1200, 2000, 2200, 2230, 2250, 2280, 2300, 2500, 2600, 2800, 3000 printer series","cart",{"$nulls":12},0,{"v":1.05,"d":"1.050"},981.24,{"v":1030.3020000000001,"d":"1,030.30"},0]
["36. INK CARTRIDGE, HP C4817A (HP 13), yellow , 14 ml, HP Officejet Pro K850, HP Business Inkjet CP1700, 1000, 1100, 1200, 2000, 2200, 2230, 2250, 2280, 2300, 2500, 2600, 2800, 3000 printer series","cart",{"$nulls":12},0,{"v":1.05,"d":"1.050"},981.24,{"v":1030.3020000000001,"d":"1,030.30"},0]
["37. INK CARTRIDGE, HP C4836A (HP 11), cyan  28 ml, HP Officejet 9110, 9120, 9130 All-in-One, HP Business Inkjet 1100 printer series, 1200 printer series,  2230, 2280 printer series, 2300 printer series, 2600 printer series                                                                                          HP Colour Printer cp1700 series","cart",1,{"$nulls":4},1,{"$nulls":6},2,{"v":1.05,"d":"1.050"},{"v":1332.12,"d":"1,332.12"},{"v":1398.7259999999999,"d":"1,398.73"},{"v":2797.4519999999998,"d":"2,797.45"}]
["38. INK CARTRIDGE, HP C4837A (HP 11), magenta, 28 ml, for HP Officejet 9110, 9120, 9130 All-in-One                                                                                      HP Business Inkjet 1100 printer series, 1200 printer series,  2230, 2280 printer series, 2300 printer series, 2600 printer series                                                                                          HP Colour Printer cp1700 series ","cart",{"$nulls":12},0,{"v":1.05,"d":"1.050"},{"v":1332.12,"d":"1,332.12"},{"v":1398.7259999999999,"d":"1,398.73"},0]
["39. INK CARTRIDGE, HP C483A (HP 11) , yellow  28 ml, for HP Officejet 9110, 9120, 9130 All-in-One                                                                                      HP Business Inkjet 1100 printer series, 1200 printer series,  2230, 2280 printer series, 2300 printer series, 2600 printer series                                                                                          HP Colour Printer cp1700 series","cart",1,{"$nulls":4},1,{"$nulls":6},2,{"v":1.05,"d":"1.050"},{"v":1332.12,"d":"1,332.12"},{"v":1398.7259999999999,"d":"1,398.73"},{"v":2797.4519999999998,"d":"2,797.45"}]
["40. INK CARTRIDGE, HP C4902AA (HP940), black, for HP Officejet Pro 8000, 8500","cart",{"$nulls":12},0,{"v":1.05,"d":"1.050"},973.08,{"v":1021.734,"d":"1,021.73"},0]
["41. INK CARTRIDGE, HP C4906AA (HP 940XL), black, HP Officejet Pro 8000, 8500","cart",{"$nulls":12},0,{"v":1.05,"d":"1.050"},{"v":1346.4,"d":"1,346.40"},{"v":1413.7200000000003,"d":"1,413.72"},0]
["42. INK CARTRIDGE, HPC4907AA (HP 940XL), cyan, for HP Officejet Pro 8000, 8500","cart",{"$nulls":12},0,{"v":1.05,"d":"1.050"},973.08,{"v":1021.734,"d":"1,021.73"},0]
["43. INK CARTRIDGE, HP C4908AA (HP 940XL), magenta, for HP Officejet Pro 8000, 8500","cart",{"$nulls":12},0,{"v":1.05,"d":"1.050"},973.08,{"v":1021.734,"d":"1,021.73"},0]
["44. INK CARTRIDGE, HP C4909AA (HP 940XL ), yellow, for HP Officejet Pro 8000, 8500","cart",{"$nulls":12},0,{"v":1.05,"d":"1.050"},973.08,{"v":1021.734,"d":"1,021.73"},0]
["45. INK CARTRIDGE, HP C4936A (HP 18 ), black, for HP Officejet Pro K5300, K5400dn, K5400dtn, K8600, K8600dn, L7380, L7580, L7590","cart",{"$nulls":12},0,{"v":1.05,"d":"1.050"},809.88,{"v":850.374,"d":"850.37"},0]
["46. INK CARTRIDGE, HP  C4937A (HP 18) , cyan,  for HP Officejet Pro K5300, K5400dn, K5400dtn, K8600, K8600dn, L7380, L7580, L7590","cart",{"$nulls":12},0,{"v":1.05,"d":"1.050"},{"v":606.9,"d":"606.90"},{"v":637.245,"d":"637.25"},0]
["47. INK CARTRIDGE, HP C4938A (HP 18) , magenta,  for HP Officejet Pro K5300, K5400dn, K5400dtn, K8600, K8600dn, L7380, L7580, L7590","cart",{"$nulls":12},0,{"v":1.05,"d":"1.050"},{"v":606.9,"d":"606.90"},{"v":637.245,"d":"637.25"},0]
["48. INK CARTRIDGE, HP C4939A (HP18) , yellow,  for HP Officejet Pro K5300, K5400dn, K5400dtn, K8600, K8600dn, L7380, L7580, L7590","cart",{"$nulls":12},0,{"v":1.05,"d":"1.050"},{"v":606.9,"d":"606.90"},{"v":637.245,"d":"637.25"},0]
["49. INK CARTRIDGE, HP C8721A (HP 02), black , 10 ml, for HP Photosmart D6160, D7160, D7260, D7360, D7460, 8230                                                    HP Photosmart C5180, C6180, C6280, C7180, C7820, C8180, 3110, 3310 All-in-One","cart",{"$nulls":12},0,{"v":1.05,"d":"1.050"},734.46,{"v":771.1830000000001,"d":"771.18"},0]
["50. INK CARTRIDGE, HP C8767WA(HP 96), black , 21 ml, for HP Deskjet 5740, 6540, 6840, 9800, 9860, 9808, HP Photosmart 8030, 8150, 8450, 875,  HP Officejet K7100, 7210, 7410 All-in-One","cart",{"$nulls":12},0,{"v":1.05,"d":"1.050"},{"v":1230.12,"d":"1,230.12"},{"v":1291.626,"d":"1,291.63"},0]
["51. INK CARTRIDGE, HP  C8771WA(HP 02), cyan , 4 ml, for HP Photosmart D6160, D7160, D7260, D7360, D7460, 8230, HP Photosmart C5180, C6180, C6280, C7180, C7820, C8180, 3110, 3310 All-in-One","cart",{"$nulls":12},0,{"v":1.05,"d":"1.050"},393.72,{"v":413.40600000000006,"d":"413.41"},0]
["52. INK CARTRIDGE, HP C8772WA(HP 02), magenta, 3.5 ml, for HP Photosmart D6160, D7160, D7260, D7360, D7460, 8230, HP Photosmart C5180, C6180, C6280, C7180, C7820, C8180, 3110, 3310 All-in-One","cart",{"$nulls":12},0,{"v":1.05,"d":"1.050"},393.72,{"v":413.40600000000006,"d":"413.41"},0]
["53. INK CARTRIDGE, HP C8773WA(HP 02), yellow, 6 ml, for HP Photosmart D6160, D7160, D7260, D7360, D7460, 8230, HP Photosmart C5180, C6180, C6280, C7180, C7820, C8180, 3110, 3310 All-in-One","cart",{"$nulls":12},0,{"v":1.05,"d":"1.050"},393.72,{"v":413.40600000000006,"d":"413.41"},0]
["54. INK CARTRIDGE, HP C8774WA(HP 02), light cyan , 5.5 ml, for HP Photosmart D6160, D7160, D7260, D7360, D7460, 8230, HP Photosmart C5180, C6180, C6280, C7180, C7820, C8180, 3110, 3310 All-in-One","cart",{"$nulls":12},0,{"v":1.05,"d":"1.050"},393.72,{"v":413.40600000000006,"d":"413.41"},0]
["55. INK CARTRIDGE, HP C8775WA(HP 02), light magenta , 5.5 ml, for HP Photosmart D6160, D7160, D7260, D7360, D7460, 8230, HP Photosmart C5180, C6180, C6280, C7180, C7820, C8180, 3110, 3310 All-in-One","cart",{"$nulls":12},0,{"v":1.05,"d":"1.050"},393.72,{"v":413.40600000000006,"d":"413.41"},0]
["56. INK CARTRIDGE, HP C9363WA (HP 97), tricolor , 14 ml, for HP Deskjet 5740, 6540, 6840, 9800, 9860, 9808, HP Photosmart 2575, 2610, 2710 All-in-On,  HP PSC 1610, 2355 All-in-One","cart",{"$nulls":12},0,{"v":1.05,"d":"1.050"},{"v":1365.78,"d":"1,365.78"},{"v":1434.069,"d":"1,434.07"},0]
["57. INK CARTRIDGE, HP  C9364WA (HP 98), black , 11 ml, HP Deskjet D4160, HP Photosmart D5160, 8030, HP Photosmart C4180, 2575 All-in-One","cart",{"$nulls":12},0,{"v":1.05,"d":"1.050"},682.38,{"v":716.499,"d":"716.50"},0]
["58. INK CARTRIDGE, HP C9391A(HP  88XL), cyan , 17 ml, for HP Officejet Pro K550, K550dtn, K5400dn, K5400dtn, K8600, 600dn, HP Officejet Pro L7580, L7590 All-in-One  ","cart",{"$nulls":12},0,{"v":1.05,"d":"1.050"},973.08,{"v":1021.734,"d":"1,021.73"},0]
["59. INK CARTRIDGE, HP C9392A( HP 88XL), magenta 17 ml, for HP Officejet Pro K550, K550dtn, K5400dn, K5400dtn, K8600, 600dn, HP Officejet Pro L7580, L7590 All-in-One  ","cart",{"$nulls":12},0,{"v":1.05,"d":"1.050"},973.08,{"v":1021.734,"d":"1,021.73"},0]
["60. INK CARTRIDGE, HP  C9393A(HP 88XL ), yellow 17 ml, for HP Officejet Pro K550, K550dtn, K5400dn, K5400dtn, K8600, 600dn, HP Officejet Pro L7580, L7590 All-in-One  ","cart",{"$nulls":12},0,{"v":1.05,"d":"1.050"},973.08,{"v":1021.734,"d":"1,021.73"},0]
["61. INK CARTRIDGE, HP  C9396A(HP 88XL), black 58.5 ml, for HP Officejet Pro K550, K550dtn, K5400dn, K5400dtn, K8600, 600dn, HP Officejet Pro L7580, L7590 All-in-One  ","cart",{"$nulls":12},0,{"v":1.05,"d":"1.050"},{"v":1363.74,"d":"1,363.74"},{"v":1431.9270000000001,"d":"1,431.93"},0]
["62. INK CARTRIDGE, HP CB316WA( HP 564), black, for HP Photosmart D5400, C5380, C6380, Photosmart Pro B8550","cart",{"$nulls":12},0,{"v":1.05,"d":"1.050"},467.16,{"v":490.51800000000003,"d":"490.52"},0]
["63. INK CARTRIDGE, HP CB317WA(HP 564), photo, for HP Photosmart D5400, C5380, C6380, Photosmart Pro B8550","cart",{"$nulls":12},0,{"v":1.05,"d":"1.050"},390.66,{"v":410.19300000000004,"d":"410.19"},0]
["64. INK CARTRIDGE, HP CB318WA(HP 564), cyan, for HP Photosmart D5400, C5380, C6380, Photosmart Pro B8550","cart",{"$nulls":12},0,{"v":1.05,"d":"1.050"},390.66,{"v":410.19300000000004,"d":"410.19"},0]
["65. INK CARTRIDGE, HP CB319WA(HP 564), magenta, for HP Photosmart D5400, C5380, C6380, Photosmart Pro B8550","cart",{"$nulls":12},0,{"v":1.05,"d":"1.050"},390.66,{"v":410.19300000000004,"d":"410.19"},0]
["66. INK CARTRIDGE, HP CB320WA ( HP 564), yellow, for HP Photosmart D5400, C5380, C6380, Photosmart Pro B8550","cart",{"$nulls":12},0,{"v":1.05,"d":"1.050"},390.66,{"v":410.19300000000004,"d":"410.19"},0]
["67. INK CARTRIDGE, HP CB323WA(HP 564XL), cyan, for HP Photosmart D5400, C5380, C6380, Photosmart Pro B8550","cart",{"$nulls":12},0,{"v":1.05,"d":"1.050"},776.22,{"v":815.0310000000001,"d":"815.03"},0]
["68. INK CARTRIDGE, HP CB324WA(564XL), magenta, for HP Photosmart D5400, C5380, C6380, Photosmart Pro B8550","cart",{"$nulls":12},0,{"v":1.05,"d":"1.050"},776.22,{"v":815.0310000000001,"d":"815.03"}]
["69. INK CARTRIDGE, HP CB325WA(564XL), yellow, for HP Photosmart D5400, C5380, C6380, Photosmart Pro B8550","cart",{"$nulls":12},0,{"v":1.05,"d":"1.050"},776.22,{"v":815.0310000000001,"d":"815.03"}]
["70. INK CARTRIDGE, HP CB335WA(HP74 ), black , 4.5 ml, for HP Deskjet D4260, D4360, HP Photosmart C4280, C4380, C4480, C5280 All-in-One, HP Officejet J5780, J6480 All-in-One","cart",{"$nulls":12},0,{"v":1.05,"d":"1.050"},628.32,{"v":659.7360000000001,"d":"659.74"},0]
["71. INK CARTRIDGE, HP CB336WA (HP74XL), black , 18 ml,  for HP Deskjet D4260, D4360, HP Photosmart C4280, C4380, C4480, C5280 All-in-One, HP Officejet J5780, J6480 All-in-One","cart",{"$nulls":12},0,{"v":1.05,"d":"1.050"},{"v":1232.16,"d":"1,232.16"},{"v":1293.768,"d":"1,293.77"},0]
["72. INK CARTRIDGE, HP CB337WA (HP75),tricolor, 3.5 ml,  for HP Deskjet D4260, D4360, HP Photosmart C4280, C4380, C4480, C5280 All-in-One, HP Officejet J5780, J6480 All-in-One","cart",{"$nulls":12},0,{"v":1.05,"d":"1.050"},722.16,{"v":758.268,"d":"758.27"},0]
["73. INK CARTRIDGE, HP CB338WA (HP 75XL), tricolor, 12 ml,  for HP Deskjet D4260, D4360, HP Photosmart C4280, C4380, C4480, C5280 All-in-One, HP Officejet J5780, J6480 All-in-One","cart",{"$nulls":12},0,{"v":1.05,"d":"1.050"},{"v":1365.78,"d":"1,365.78"},{"v":1434.069,"d":"1,434.07"},0]
["74. INK CARTRIDGE, HP CC640WA (HP 60), black, 4 ml, for HP Deskjet D2560, F4230, F4250, F4280 All-in-One","cart",7,null,4,2,4,null,7,null,4,2,4,null,34,{"v":1.05,"d":"1.050"},588.54,{"v":617.967,"d":"617.97"},{"v":21010.878,"d":"21,010.88"}]
["75. INK CARTRIDGE, HP CC641WA (HP60XL), black  12 ml, for HP Deskjet D2560, F4230, F4250, F4280 All-in-One","cart",{"$nulls":12},0,{"v":1.05,"d":"1.050"},{"v":1177.08,"d":"1,177.08"},{"v":1235.934,"d":"1,235.93"},0]
["76. INK CARTRIDGE, HP CC643WA (HP 60), tricolor,13 ml, for HP Deskjet D2560, F4230, F4250, F4280 All-in-One","cart",4,null,2,2,2,null,4,null,2,2,2,null,20,{"v":1.05,"d":"1.050"},706.86,{"v":742.2030000000001,"d":"742.20"},{"v":14844.060000000001,"d":"14,844.06"}]
["77. INK CARTRIDGE, HP CC644WA (HP60XL), tricolor , 11 ml, for HP Deskjet D2560, F4230, F4250, F4280 All-in-One","cart",{"$nulls":12},0,{"v":1.05,"d":"1.050"},{"v":1374.96,"d":"1,374.96"},{"v":1443.708,"d":"1,443.71"},0]
["78. INK CARTRIDGE, HP CC653AA (HP 901), black officejet , 4 ml","cart",{"$nulls":12},0,{"v":1.05,"d":"1.050"},589.56,{"v":619.038,"d":"619.04"},0]
["79. INK CARTRIDGE, HP CC656AA(HP 901), tricolor officejet, 9 ml","cart",{"$nulls":12},0,{"v":1.05,"d":"1.050"},903.72,{"v":948.9060000000001,"d":"948.91"},0]
["80. INK CARTRIDGE, HP CC660AA(HP702), black, 20 ml, for HP Officejet J3508, J3608, J5508 All-in-One","cart",1,null,1,null,1,1,1,null,1,null,1,null,7,{"v":1.05,"d":"1.050"},{"v":984.3,"d":"984.30"},{"v":1033.515,"d":"1,033.52"},{"v":7234.6050000000005,"d":"7,234.61"}]
["81. INK CARTRIDGE, HP CD887AA (HP703), black deskjet, for HP Deskjet D730, F735 All-in-One","cart",4,7,2,3,7,2,3,7,2,3,5,1,46,{"v":1.05,"d":"1.050"},322.32,{"v":338.43600000000004,"d":"338.44"},{"v":15568.056000000002,"d":"15,568.06"}]
["82. INK CARTRIDGE, HP CD888AA(HP 703), tricolor deskjet, for HP Deskjet D730, F735 All-in-One","cart",4,4,2,4,4,2,3,4,2,3,5,1,38,{"v":1.05,"d":"1.050"},322.32,{"v":338.43600000000004,"d":"338.44"},{"v":12860.568000000001,"d":"12,860.57"}]
["83. INK CARTRIDGE, HP CD971AA (HP 920), black, for HP Officejet 6000, 7000","cart",{"$nulls":12},0,{"v":1.05,"d":"1.050"},747.66,{"v":785.043,"d":"785.04"},0]
["84. INK CARTRIDGE, HP CD972AA (HP920XL), cyan, for HP Officejet 6000, 7000","cart",{"$nulls":12},0,{"v":1.05,"d":"1.050"},{"v":561,"d":"561.00"},{"v":589.0500000000001,"d":"589.05"},0]
["85. INK CARTRIDGE, HP CD973AA (HP920XL), magenta, for HP Officejet 6000, 7000","cart",{"$nulls":12},0,{"v":1.05,"d":"1.050"},{"v":561,"d":"561.00"},{"v":589.0500000000001,"d":"589.05"},0]
["86. INK CARTRIDGE, HP CD974AA (HP 920XL), yellow, for HP Officejet 6000, 7000","cart",{"$nulls":12},0,{"v":1.05,"d":"1.050"},{"v":561,"d":"561.00"},{"v":589.0500000000001,"d":"589.05"},0]
["87. INK CARTRIDGE, HP CD975AA (HP920XL), black, for HP Officejet 6000, 7000","cart",{"$nulls":12},0,{"v":1.05,"d":"1.050"},{"v":1122,"d":"1,122.00"},{"v":1178.1000000000001,"d":"1,178.10"},0]
["88. INK CARTRIDGE, HP CN692AA(HP 704), black, for HP Ink Advantage 2010 K010a1, Ink Advantage All-in-One 20601 K110a","cart",13,5,9,9,9,5,13,5,12,6,9,5,100,{"v":1.05,"d":"1.050"},322.32,{"v":338.43600000000004,"d":"338.44"},{"v":33843.600000000006,"d":"33,843.60"}]
["89. INK CARTRIDGE, HP CN693AA  (HP704), tricolor, for HP Ink Advantage 2010 K010a1, Ink Advantage All-in-One 20601 K110a","cart",8,4,6,6,6,4,8,4,6,6,6,4,68,{"v":1.05,"d":"1.050"},322.32,{"v":338.43600000000004,"d":"338.44"},{"v":23013.648,"d":"23,013.65"}]
["90. INK CARTRIDGE, Brother LC67HYBK, black","cart",{"$nulls":12},0,{"v":1.05,"d":"1.050"},{"v":1550.4,"d":"1,550.40"},{"v":1627.92,"d":"1,627.92"},0]
["91. INK CARTRIDGE, Brother LC67HYC, cyan","cart",{"$nulls":12},0,{"v":1.05,"d":"1.050"},{"v":938.4,"d":"938.40"},985.32,0]
["92. INK CARTRIDGE, Brother LC67HYM, magenta","cart",{"$nulls":12},0,{"v":1.05,"d":"1.050"},{"v":938.4,"d":"938.40"},985.32,0]
["93. INK CARTRIDGE, Brother LC67HYY, yellow","cart",{"$nulls":12},0,{"v":1.05,"d":"1.050"},{"v":938.4,"d":"938.40"},985.32,0]
["94. INK CARTRIDGE, Brother LC 39BK, black","cart",{"$nulls":12},0,{"v":1.05,"d":"1.050"},{"v":688.5,"d":"688.50"},{"v":722.9250000000001,"d":"722.93"},0]
["95. INK CARTRIDGE, Brother LC 39Y, yellow","cart",{"$nulls":12},0,{"v":1.05,"d":"1.050"},{"v":453.9,"d":"453.90"},{"v":476.59499999999997,"d":"476.60"},0]
["96. INK CARTRIDGE, Brother LC 39C, cyan","cart",{"$nulls":12},0,{"v":1.05,"d":"1.050"},{"v":453.9,"d":"453.90"},{"v":476.59499999999997,"d":"476.60"},0]
["97. INK CARTRIDGE, Brother LC 39M, magenta","cart",{"$nulls":12},0,{"v":1.05,"d":"1.050"},{"v":453.9,"d":"453.90"},{"v":476.59499999999997,"d":"476.60"},0]
["98. INK CARTRIDGE, Lexmark Black #14, PN 18C2090A","cart",{"$nulls":12},0,{"v":1.05,"d":"1.050"},{"v":984.3,"d":"984.30"},{"v":1033.515,"d":"1,033.52"},0]
["99. INK CARTRIDGE, Lexmark Color #15, PN 18C2110A","cart",{"$nulls":12},0,{"v":1.05,"d":"1.050"},{"v":1221.96,"d":"1,221.96"},{"v":1283.058,"d":"1,283.06"},0]
["100.  INK CARTRIDGE, Lexmark # 17, black, PN 10N0217","cart",{"$nulls":12},0,{"v":1.05,"d":"1.050"},{"v":984.3,"d":"984.30"},{"v":1033.515,"d":"1,033.52"},0]
["101.  INK CARTRIDGE, Lexmark # 27, colored, PN 10N0227","cart",{"$nulls":12},0,{"v":1.05,"d":"1.050"},{"v":1173,"d":"1,173.00"},{"v":1231.65,"d":"1,231.65"},0]
["102. INK CARTRIDGE, Lexmark Photo #31, PN 18C0031A","cart",{"$nulls":12},0,{"v":1.05,"d":"1.050"},{"v":2075.7,"d":"2,075.70"},{"v":2179.485,"d":"2,179.49"},0]
["103. INK CARTRIDGE, Lexmark Black #34, PN 18C0034A","cart",{"$nulls":12},0,{"v":1.05,"d":"1.050"},{"v":1662.6,"d":"1,662.60"},{"v":1745.73,"d":"1,745.73"},0]
["104. INK CARTRIDGE, Lexmark Color #35, PN 18C0035A","cart",{"$nulls":12},0,{"v":1.05,"d":"1.050"},{"v":2009.4,"d":"2,009.40"},{"v":2109.8700000000003,"d":"2,109.87"},0]
["105. INK CARTRIDGE, Epson C13T028091, black, for printer Stylus C60/CX3100 ","cart",{"$nulls":12},0,{"v":1.05,"d":"1.050"},{"v":1138.32,"d":"1,138.32"},{"v":1195.2359999999999,"d":"1,195.24"},0]
["106. INK CARTRIDGE, Epson C13T029091, color, for printer Stylus C60/ C50/ CX3100 ","cart",{"$nulls":12},0,{"v":1.05,"d":"1.050"},{"v":1039.38,"d":"1,039.38"},{"v":1091.3490000000002,"d":"1,091.35"},0]
["107. INK CARTRIDGE, Epson C13T032190, black, for printer Stylus C80/C82/ CX5100 ","cart",{"$nulls":12},0,{"v":1.05,"d":"1.050"},{"v":1228.08,"d":"1,228.08"},{"v":1289.484,"d":"1,289.48"},0]
["108. INK CARTRIDGE, Epson C13T032290, Cyan, for  printer Stylus C80 ","cart",{"$nulls":12},0,{"v":1.05,"d":"1.050"},{"v":586.5,"d":"586.50"},{"v":615.825,"d":"615.83"},0]
["109. INK CARTRIDGE, Epson C13T032390, Magenta, for  printer Stylus C80 ","cart",{"$nulls":12},0,{"v":1.05,"d":"1.050"},{"v":586.5,"d":"586.50"},{"v":615.825,"d":"615.83"},0]
["110. INK CARTRIDGE, Epson C13T032490, Yellow, for  printer Stylus C80 ","cart",{"$nulls":12},0,{"v":1.05,"d":"1.050"},{"v":586.5,"d":"586.50"},{"v":615.825,"d":"615.83"},0]
["111. INK CARTRIDGE, Epson C13T038190, black, for printer Stylus C41SX/UX ","cart",{"$nulls":12},0,{"v":1.05,"d":"1.050"},482.46,{"v":506.583,"d":"506.58"},0]
["112. INK CARTRIDGE, Epson C13TO38191, black, for printer Stylus C41SX/UX (Double Pack)","cart",{"$nulls":12},0,{"v":1.05,"d":"1.050"},850.68,{"v":893.2139999999999,"d":"893.21"},0]
["113. INK CARTRIDGE, Epson C13TO39090, color, for printer Stylus C41SX/UX ","cart",{"$nulls":12},0,{"v":1.05,"d":"1.050"},755.82,{"v":793.6110000000001,"d":"793.61"},0]
["114. INK CARTRIDGE, Epson C13T042290, Cyan, for printer Stylus C82/CX5100 ","cart",{"$nulls":12},0,{"v":1.05,"d":"1.050"},534.48,{"v":561.2040000000001,"d":"561.20"},0]
["115. INK CARTRIDGE, Epson C13T042390, Magenta, for printer Stylus C82/CX5100 ","cart",{"$nulls":12},0,{"v":1.05,"d":"1.050"},534.48,{"v":561.2040000000001,"d":"561.20"},0]
["116. INK CARTRIDGE, Epson C13T042490, Yellow, for printer Stylus C82/CX5100 ","cart",{"$nulls":12},0,{"v":1.05,"d":"1.050"},534.48,{"v":561.2040000000001,"d":"561.20"},0]
["117. INK CARTRIDGE, Epson C13T046190, black, for printer Stylus C63/C83 ","cart",{"$nulls":12},0,{"v":1.05,"d":"1.050"},614.04,{"v":644.742,"d":"644.74"},0]
["118. INK CARTRIDGE, Epson C13T047290, Cyan, for printer Stylus C63/C83 ","cart",{"$nulls":12},0,{"v":1.05,"d":"1.050"},378.42,{"v":397.341,"d":"397.34"},0]
["119. INK CARTRIDGE, Epson C13T047390, Magenta, for printer Stylus C63/C83 ","cart",{"$nulls":12},0,{"v":1.05,"d":"1.050"},378.42,{"v":397.341,"d":"397.34"},0]
["120. INK CARTRIDGE, Epson C13T047490, Yellow, for printer Stylus C63/C83 ","cart",{"$nulls":12},0,{"v":1.05,"d":"1.050"},378.42,{"v":397.341,"d":"397.34"},0]
["121. INK CARTRIDGE, Epson C13T062190, black, High Cap, for printer Stylus CX3700/4700/C67","cart",{"$nulls":12},0,{"v":1.05,"d":"1.050"},628.32,{"v":659.7360000000001,"d":"659.74"},0]
["122. INK CARTRIDGE, Epson C13T063190, black, Std Cap, for printer Stylus CX3700/4700/C67","cart",{"$nulls":12},0,{"v":1.05,"d":"1.050"},482.46,{"v":506.583,"d":"506.58"},0]
["123. INK CARTRIDGE, Epson C13T063290, Cyan, Std Cap, for printer Stylus CX3700/4700/C67","cart",{"$nulls":12},0,{"v":1.05,"d":"1.050"},{"v":387.6,"d":"387.60"},406.98,0]
["124. INK CARTRIDGE, Epson C13T063390, Magenta, Std Cap, for printer Stylus CX3700/4700/C67","cart",{"$nulls":12},0,{"v":1.05,"d":"1.050"},{"v":387.6,"d":"387.60"},406.98,0]
["125. INK CARTRIDGE, Epson C13T063490, Yellow, Std Cap, for printer Stylus CX3700/4700/C67","cart",{"$nulls":12},0,{"v":1.05,"d":"1.050"},{"v":387.6,"d":"387.60"},406.98,0]
["126. INK CARTRIDGE, Epson C13T075190, Black, for printer Stylus color C59/CX2900","cart",{"$nulls":12},0,{"v":1.05,"d":"1.050"},288.66,{"v":303.093,"d":"303.09"},0]
["127. INK CARTRIDGE, Epson C13T075290, Cyan, for printer Stylus color C59/CX2900","cart",{"$nulls":12},0,{"v":1.05,"d":"1.050"},288.66,{"v":303.093,"d":"303.09"},0]
["128. INK CARTRIDGE, Epson C13T075390, Magenta, for printer Stylus color C59/CX2900","cart",{"$nulls":12},0,{"v":1.05,"d":"1.050"},288.66,{"v":303.093,"d":"303.09"},0]
["129. INK CARTRIDGE, Epson C13T075490, Yellow, for printer Stylus color C59/CX2900","cart",{"$nulls":12},0,{"v":1.05,"d":"1.050"},288.66,{"v":303.093,"d":"303.09"},0]
["130. INK CARTRIDGE, Epson C13T103190, Black, for printer Stylus T40W/TX600FW","cart",{"$nulls":12},0,{"v":1.05,"d":"1.050"},849.66,{"v":892.143,"d":"892.14"},0]
["131. INK CARTRIDGE, Epson C13T103290, Cyan, for printer StylusT40W/TX600FW","cart",{"$nulls":12},0,{"v":1.05,"d":"1.050"},{"v":566.1,"d":"566.10"},{"v":594.4050000000001,"d":"594.41"},0]
["132. INK CARTRIDGE, Epson C13T103390, Magenta, for printer Stylus T40W/TX600FW","cart",{"$nulls":12},0,{"v":1.05,"d":"1.050"},{"v":566.1,"d":"566.10"},{"v":594.4050000000001,"d":"594.41"},0]
["133. INK CARTRIDGE, Epson C13T103490, Yellow, for printer Stylus T40W/TX600FW","cart",{"$nulls":12},0,{"v":1.05,"d":"1.050"},{"v":566.1,"d":"566.10"},{"v":594.4050000000001,"d":"594.41"},0]
["134. INK CARTRIDGE, Epson C13T104190, black, for printer C110, CX7300/8300, TX200/400, Pigment High Cap","cart",{"$nulls":12},0,{"v":1.05,"d":"1.050"},{"v":566.1,"d":"566.10"},{"v":594.4050000000001,"d":"594.41"},0]
["135. INK CARTRIDGE, Epson C13T104193, Black, for printer C110, CX7300/8300, TX200/400 Pigment High Cap - Double Pack","cart",{"$nulls":12},0,{"v":1.05,"d":"1.050"},{"v":943.5,"d":"943.50"},{"v":990.6750000000001,"d":"990.68"},0]
["136. INK CARTRIDGE, Epson C13T105190, Black,  for printer Stylus T10/T11/ T13/ T30/T20E/C79/C90/TX100/TX110/TX111/TX200/TX210/TX400/TX550W/TX300F/TX510FN/TX600FW/CX3900/CX5500/CX5900/CX6900F/CX8300/CX9300F, Pigment - 73N","cart",1,null,null,1,null,null,1,null,null,1,null,null,4,{"v":1.05,"d":"1.050"},424.32,{"v":445.536,"d":"445.54"},{"v":1782.144,"d":"1,782.14"}]
["137. INK CARTRIDGE, Epson C13T105290, Cyan,  for printer Stylus T10/T11/ T13/ T30/T20E/C79/C90/TX100/TX110/TX111/TX200/TX210/TX400/TX550W/TX300F/TX510FN/TX600FW/CX3900/CX5500/CX5900/CX6900F/CX8300/CX9300F, Pigment - 73N","cart",1,null,null,1,null,null,1,null,null,1,null,null,4,{"v":1.05,"d":"1.050"},424.32,{"v":445.536,"d":"445.54"},{"v":1782.144,"d":"1,782.14"}]
["138. INK CARTRIDGE, Epson C13T105390, Magenta,  for printer Stylus T10/T11/ T13/ T30/T20E/C79/C90/TX100/TX110/TX111/TX200/ TX210/TX400/TX550W/ TX300F/TX510FN/TX600FW/CX3900/CX5500/CX5900/CX6900F/CX8300/CX9300F, Pigment - 73N","cart",1,null,null,1,null,null,1,null,null,1,null,null,4,{"v":1.05,"d":"1.050"},424.32,{"v":445.536,"d":"445.54"},{"v":1782.144,"d":"1,782.14"}]
["139. INK CARTRIDGE, Epson C13T105490, Yellow,  for printer Stylus T10/T11/ T13/ T30/T20E/C79/C90/TX100/TX110/TX111/TX200/ TX210/TX400/TX550W/ TX300F/TX510FN/TX600FW/CX3900/CX5500/CX5900/CX6900F/CX8300/CX9300F, Pigment - 73N","cart",1,null,null,1,null,null,1,null,null,1,null,null,4,{"v":1.05,"d":"1.050"},424.32,{"v":445.536,"d":"445.54"},{"v":1782.144,"d":"1,782.14"}]
["140. INK CARTRIDGE, Epson C13T107190, Black, for printer T10/T11/ T13/T20E/ TX100/TX110/TX111/CX5500) Pigment - 91N","cart",{"$nulls":12},0,{"v":1.05,"d":"1.050"},279.48,{"v":293.454,"d":"293.45"},0]
["141. INK CARTRIDGE, Epson C13T107290, Cyan, for printer T10/T11/ T13/T20E/ TX100/TX110/TX111/CX5500) Pigment - 91N","cart",{"$nulls":12},0,{"v":1.05,"d":"1.050"},279.48,{"v":293.454,"d":"293.45"},0]
["142. INK CARTRIDGE, Epson C13T107390, Magenta, for printer T10/T11/ T13/ T20E/TX100/TX110/TX111/CX5500) Pigment - 91N","cart",{"$nulls":12},0,{"v":1.05,"d":"1.050"},279.48,{"v":293.454,"d":"293.45"},0]
["143. INK CARTRIDGE, Epson C13T107490, Yellow, for printer T10/T11/ T13/T20E/ TX100/TX110/TX111/CX5500) Pigment - 91N","cart",{"$nulls":12},0,{"v":1.05,"d":"1.050"},279.48,{"v":293.454,"d":"293.45"},0]
["144. INK CARTRIDGE, Epson C13T111190, Black, for printer Stylus Photo R270/ 290/390/RX590, High Cap","cart",{"$nulls":12},0,{"v":1.05,"d":"1.050"},940.44,{"v":987.4620000000001,"d":"987.46"},0]
["145. INK CARTRIDGE, Epson C13T111290, Cyan, for printer Stylus Photo R270/ 290/390/RX590, High Cap","cart",{"$nulls":12},0,{"v":1.05,"d":"1.050"},940.44,{"v":987.4620000000001,"d":"987.46"},0]
["146. INK CARTRIDGE, Epson C13T111390, Magenta, for printer Stylus Photo R270/ 290/390/RX590, High Cap","cart",{"$nulls":12},0,{"v":1.05,"d":"1.050"},940.44,{"v":987.4620000000001,"d":"987.46"},0]
["147. INK CARTRIDGE, Epson C13T111490, Yellow, for printer Stylus Photo R270/ 290/390/RX590, High Cap","cart",{"$nulls":12},0,{"v":1.05,"d":"1.050"},940.44,{"v":987.4620000000001,"d":"987.46"},0]
["148. INK CARTRIDGE, Epson C13T111590, Light Cyan, for printer Stylus Photo R270/ 290/390/RX590, High Cap","cart",{"$nulls":12},0,{"v":1.05,"d":"1.050"},940.44,{"v":987.4620000000001,"d":"987.46"},0]
["149. INK CARTRIDGE, Epson C13T111690, Light Magenta, for printer Stylus Photo R270/ 290/390/RX590, High Cap","cart",{"$nulls":12},0,{"v":1.05,"d":"1.050"},940.44,{"v":987.4620000000001,"d":"987.46"},0]
["150. INK CARTRIDGE, Epson C13T112190, Black,  for printer Stylus Photo R270/290/390, RX590, Std Cap","cart",{"$nulls":12},0,{"v":1.05,"d":"1.050"},656.88,{"v":689.724,"d":"689.72"},0]
["151. INK CARTRIDGE, Epson C13T112290, Cyan,  for printer Stylus Photo R270/290/390, RX590, Std Cap","cart",{"$nulls":12},0,{"v":1.05,"d":"1.050"},656.88,{"v":689.724,"d":"689.72"},0]
["152. INK CARTRIDGE, Epson C13T112390, Magenta,  for printer Stylus Photo R270/290/390, RX590, Std Cap","cart",{"$nulls":12},0,{"v":1.05,"d":"1.050"},656.88,{"v":689.724,"d":"689.72"},0]
["153. INK CARTRIDGE, Epson C13T112490, Yellow,  for printer Stylus Photo R270/290/390, RX590, Std Cap","cart",{"$nulls":12},0,{"v":1.05,"d":"1.050"},656.88,{"v":689.724,"d":"689.72"},0]
["154. INK CARTRIDGE, Epson C13T112590, Light Cyan,  for printer Stylus Photo R270/290/390, RX590, Std Cap","cart",{"$nulls":12},0,{"v":1.05,"d":"1.050"},656.88,{"v":689.724,"d":"689.72"},0]
["155. INK CARTRIDGE, Epson C13T112690, Light Magenta, for printer Stylus Photo R270/290/390, RX590, Std Cap","cart",{"$nulls":12},0,{"v":1.05,"d":"1.050"},656.88,{"v":689.724,"d":"689.72"},0]
["156. INK CARTRIDGE, Epson C13T141190, Black, for ME 32/320/620F - 141","cart",{"$nulls":12},0,{"v":1.05,"d":"1.050"},302.94,{"v":318.087,"d":"318.09"},0]
["157. INK CARTRIDGE, Epson C13T141290, Cyan, for ME 32/320/620F - 141","cart",{"$nulls":12},0,{"v":1.05,"d":"1.050"},340.68,{"v":357.714,"d":"357.71"},0]
["158. INK CARTRIDGE, Epson C13T141390, Magenta, for ME 32/320/620F - 141","cart",{"$nulls":12},0,{"v":1.05,"d":"1.050"},340.68,{"v":357.714,"d":"357.71"},0]
["159. INK CARTRIDGE, Epson C13T141490, Yellow, for ME 32/320/620F - 141","cart",{"$nulls":12},0,{"v":1.05,"d":"1.050"},340.68,{"v":357.714,"d":"357.71"},0]
["160. INK CARTRIDGE, Epson C13T143190, Black, for printer ME 960FWD/900WD - 143","cart",{"$nulls":12},0,{"v":1.05,"d":"1.050"},{"v":576.3,"d":"576.30"},{"v":605.115,"d":"605.12"},0]
["161. INK CARTRIDGE, Epson C13T143290, Cyan, for printer ME Office 960FWD/ 900WD - 143","cart",{"$nulls":12},0,{"v":1.05,"d":"1.050"},{"v":453.9,"d":"453.90"},{"v":476.59499999999997,"d":"476.60"},0]
["162. INK CARTRIDGE, Epson C13T143390, Magenta, for printer ME Office 960FWD/ 900WD - 143","cart",{"$nulls":12},0,{"v":1.05,"d":"1.050"},{"v":453.9,"d":"453.90"},{"v":476.59499999999997,"d":"476.60"},0]
["163. INK CARTRIDGE, Epson C13T143490, Yellow, for printer ME Office 960FWD/ 900WD - 143","cart",{"$nulls":12},0,{"v":1.05,"d":"1.050"},{"v":453.9,"d":"453.90"},{"v":476.59499999999997,"d":"476.60"},0]
["164.  MOUSE, optical, USB conection type","piece",null,3,null,null,1,null,null,1,2,null,1,null,8,{"v":1.05,"d":"1.050"},174.72,{"v":183.45600000000002,"d":"183.46"},{"v":1467.6480000000001,"d":"1,467.65"}]
["165. TONER CARTRIDGE, HP C4092A, black, for HP Laserjet 1100 printer series, 3200 All-in-One","cart",{"$nulls":12},0,{"v":1.05,"d":"1.050"},{"v":3142.62,"d":"3,142.62"},{"v":3299.751,"d":"3,299.75"},0]
["166. TONER CARTRIDGE, HP C4096A, balck, for HP Laserjet 2100, 2200 printer series","cart",{"$nulls":12},0,{"v":1.05,"d":"1.050"},{"v":5249.94,"d":"5,249.94"},{"v":5512.437,"d":"5,512.44"},0]
["167. TONER CARTRIDGE, HP C7115A, black, for HP Laserjet 1000, 1200 printer series, 3300 mfp printer series, 3380 All-in-One","cart",{"$nulls":12},0,{"v":1.05,"d":"1.050"},{"v":3221.16,"d":"3,221.16"},{"v":3382.218,"d":"3,382.22"},0]
["168. TONER CARTRIDGE, HP C8543XC, high cap, black, for HP Laserjet 9000, 9040, 9050, HP Laserjet M9040, M9050 MFP series","cart",{"$nulls":12},0,{"v":1.05,"d":"1.050"},{"v":11629.02,"d":"11,629.02"},{"v":12210.471000000001,"d":"12,210.47"}]
["169. TONER CARTRIDGE, HP 92298A, black, for HP Laserjet 4, 4m, 4plus/ 4m plus, 5, 5m, 5n","cart",{"$nulls":12},0,{"v":1.05,"d":"1.050"},{"v":4498.2,"d":"4,498.20"},{"v":4723.11,"d":"4,723.11"},0]
["170. TONER CARTRIDGE, HP C4127X, high cap, black, for HP Laserjet 2100, 2200 printer series","cart",{"$nulls":12},0,{"v":1.05,"d":"1.050"},{"v":7330.74,"d":"7,330.74"},{"v":7697.277,"d":"7,697.28"},0]
["171. TONER CARTRIDGE, HP C4129X, balck, HP Laserjet 5000, 5100 printer series","cart",{"$nulls":12},0,{"v":1.05,"d":"1.050"},{"v":9436.02,"d":"9,436.02"},{"v":9907.821000000002,"d":"9,907.82"}]
["172. TONER CARTRIDGE, HP Q2613X, for HP Laserjet 1300 printer series","cart",{"$nulls":12},0,{"v":1.05,"d":"1.050"},{"v":4141.2,"d":"4,141.20"},{"v":4348.26,"d":"4,348.26"},0]
["173. TONER CARTRIDGE, HP Q2613A, black, for HP Laserjet 1300 printer series","cart",{"$nulls":12},0,{"v":1.05,"d":"1.050"},{"v":3809.7,"d":"3,809.70"},{"v":4000.185,"d":"4,000.19"},0]
["174. TONER CARTRIDGE, HP Q2612A, black, for HP Laserjet 1010, 1012, 1015, 1018, 1020, 1022, 3015, 3020, 3030, 3050, 3052, 3055, M1005, M1319f MFP Printer","cart",{"$nulls":12},0,{"v":1.05,"d":"1.050"},{"v":2866.2,"d":"2,866.20"},{"v":3009.5099999999998,"d":"3,009.51"},0]
["175. TONER CARTRIDGE, HP Q5942A, black, for HP Laserjet 4250, 4350 printer series","cart",{"$nulls":12},0,{"v":1.05,"d":"1.050"},{"v":6105.72,"d":"6,105.72"},{"v":6411.006,"d":"6,411.01"},0]
["176. TONER CARTRIDGE, HP Q6511A","cart",{"$nulls":12},0,{"v":1.05,"d":"1.050"},{"v":5077.56,"d":"5,077.56"},{"v":5331.438000000001,"d":"5,331.44"},0]
["177. TONER CARTRIDGE, HP Q7516AC, black","cart",{"$nulls":12},0,{"v":1.05,"d":"1.050"},{"v":7657.14,"d":"7,657.14"},{"v":8039.997,"d":"8,040.00"},0]
["178. TONER CARTRIDGE, HP Q7551A, black, for HP Laserjet P3005, M3027, M3035 MFP Printer Series","cart",{"$nulls":12},0,{"v":1.05,"d":"1.050"},{"v":5445.78,"d":"5,445.78"},{"v":5718.069,"d":"5,718.07"},0]
["179. TONER CARTRIDGE, HP Q1338A, black, for HP Laserjet 4200 printer series","cart",{"$nulls":12},0,{"v":1.05,"d":"1.050"},{"v":6280.14,"d":"6,280.14"},{"v":6594.147000000001,"d":"6,594.15"},0]
["180. TONER CARTRIDGE, HP Q3960A, black, for HP Color Laserjet 2550 printer series, 2820, 2840 All-in-One","cart",{"$nulls":12},0,{"v":1.05,"d":"1.050"},{"v":3468,"d":"3,468.00"},{"v":3641.4,"d":"3,641.40"},0]
["181. TONER CARTRIDGE, HP Q3961A, cyan, for HP Color Laserjet 2550 printer series, 2820, 2840 All-in-One","cart",{"$nulls":12},0,{"v":1.05,"d":"1.050"},{"v":4187.1,"d":"4,187.10"},{"v":4396.455000000001,"d":"4,396.46"},0]
["182. TONER CARTRIDGE, HP Q3962A, yellow, for HP Color Laserjet 2550 printer series, 2820, 2840 All-in-One","cart",{"$nulls":12},0,{"v":1.05,"d":"1.050"},{"v":4187.1,"d":"4,187.10"},{"v":4396.455000000001,"d":"4,396.46"},0]
["183. TONER CARTRIDGE, HP Q3963A, magenta, for HP Color Laserjet 2550 printer series, 2820, 2840 All-in-One","cart",{"$nulls":12},0,{"v":1.05,"d":"1.050"},{"v":4187.1,"d":"4,187.10"},{"v":4396.455000000001,"d":"4,396.46"},0]
["184. TONER CARTRIDGE, HP Q3971A, cyan, for HP Color LaserJet 2550 Printer Series, HP Color LaserJet 2820, 2840 All-in-One","cart",{"$nulls":12},0,{"v":1.05,"d":"1.050"},{"v":3147.72,"d":"3,147.72"},{"v":3305.1059999999998,"d":"3,305.11"},0]
["185. TONER CARTRIDGE, HP Q3972A, yellow, for HP Color LaserJet 2550 Printer Series, HP Color LaserJet 2820, 2840 All-in-One","cart",{"$nulls":12},0,{"v":1.05,"d":"1.050"},{"v":3147.72,"d":"3,147.72"},{"v":3305.1059999999998,"d":"3,305.11"},0]
["186. TONER CARTRIDGE, HP Q3973A, magenta, for HP Color LaserJet 2550 Printer Series, HP Color LaserJet 2820, 2840 All-in-One","cart",{"$nulls":12},0,{"v":1.05,"d":"1.050"},{"v":3147.72,"d":"3,147.72"},{"v":3305.1059999999998,"d":"3,305.11"},0]
["187. TONER CARTRIDGE, HP Q5949A, black, for HP Laserjet 1160, 1320 printer series, 3390, 3392 All-in-One","cart",{"$nulls":12},0,{"v":1.05,"d":"1.050"},{"v":3462.9,"d":"3,462.90"},{"v":3636.045,"d":"3,636.05"},0]
["188. TONER CARTRIDGE, HP Q5950A, black, for HP Color LaserJet 4700 Printer Series","cart",{"$nulls":12},0,{"v":1.05,"d":"1.050"},{"v":7497,"d":"7,497.00"},{"v":7871.85,"d":"7,871.85"},0]
["189. TONER CARTRIDGE, HP Q5951A, cyan, for HP Color LaserJet 4700 Printer Series","cart",{"$nulls":12},0,{"v":1.05,"d":"1.050"},{"v":10636.56,"d":"10,636.56"},{"v":11168.388,"d":"11,168.39"},0]
["190. TONER CARTRIDGE, HP Q5952A, yellow, for HP Color LaserJet 4700 Printer Series","cart",{"$nulls":12},0,{"v":1.05,"d":"1.050"},{"v":10636.56,"d":"10,636.56"},{"v":11168.388,"d":"11,168.39"},0]
["191. TONER CARTRIDGE, HP Q5953A, magenta, for HP Color LaserJet 4700 Printer Series","cart",{"$nulls":12},0,{"v":1.05,"d":"1.050"},{"v":10636.56,"d":"10,636.56"},{"v":11168.388,"d":"11,168.39"},0]
["192. TONER CARTRIDGE, HP Q7553A, black, for HP Laserjet P3005, M3027, M3035 MFP Printer Series","cart",{"$nulls":12},0,{"v":1.05,"d":"1.050"},{"v":3301.74,"d":"3,301.74"},{"v":3466.8269999999998,"d":"3,466.83"},0]
["193. TONER CARTRIDGE, HP C3906F, black, for HP Laserjet 5L printer series, 6L printer series, 3100 All-in-One, 3150 All-in-One","cart",{"$nulls":12},0,{"v":1.05,"d":"1.050"},{"v":3063.06,"d":"3,063.06"},{"v":3216.213,"d":"3,216.21"},0]
["194. TONER CARTRIDGE, HP CB380A, black, for HP Color LaserJet CP6015 printer series  ","cart",{"$nulls":12},0,{"v":1.05,"d":"1.050"},{"v":8586.36,"d":"8,586.36"},{"v":9015.678000000002,"d":"9,015.68"}]
["195. TONER CARTRIDGE, HP CB381A, cyan, for HP Color LaserJet CP6015 printer series  ","cart",{"$nulls":12},0,{"v":1.05,"d":"1.050"},{"v":13423.2,"d":"13,423.20"},{"v":14094.36,"d":"14,094.36"}]
["196. TONER CARTRIDGE, HP CB382A, yellow, for HP Color LaserJet CP6015 printer series  ","cart",{"$nulls":12},0,{"v":1.05,"d":"1.050"},{"v":13423.2,"d":"13,423.20"},{"v":14094.36,"d":"14,094.36"}]
["197. TONER CARTRIDGE, HP CB383A, magenta, for HP Color LaserJet CP6015 printer series  ","cart",{"$nulls":12},0,{"v":1.05,"d":"1.050"},{"v":13423.2,"d":"13,423.20"},{"v":14094.36,"d":"14,094.36"}]
["198. TONER CARTRIDGE, HP CB390A, black, for HP Color LaserJet CM6030/CM6040 MFP ","cart",{"$nulls":12},0,{"v":1.05,"d":"1.050"},{"v":2782.56,"d":"2,782.56"},{"v":2921.688,"d":"2,921.69"}]
["199. TONER CARTRIDGE, HP CB435A, black, for HP Laserjet P1005, P1006 printer series","cart",{"$nulls":12},0,{"v":1.05,"d":"1.050"},{"v":2491.86,"d":"2,491.86"},{"v":2616.4530000000004,"d":"2,616.45"},0]
["200. TONER CARTRIDGE, HP CB436A, black, for HP Laserjet P1505 printer series","cart",{"$nulls":12},0,{"v":1.05,"d":"1.050"},{"v":2924.34,"d":"2,924.34"},{"v":3070.5570000000002,"d":"3,070.56"},0]
["201. TONER CARTRIDGE, HP CB540A, black, for HP Color LaserJet CP1215, CP1510 printer series, CM1312 MFP  ","cart",{"$nulls":12},0,{"v":1.05,"d":"1.050"},{"v":2886.6,"d":"2,886.60"},{"v":3030.93,"d":"3,030.93"},0]
["202. TONER CARTRIDGE, HP CB541A, cyan, for HP Color LaserJet CP1215, CP1510 printer series, CM1312 MFP  ","cart",{"$nulls":12},0,{"v":1.05,"d":"1.050"},{"v":2652,"d":"2,652.00"},{"v":2784.6,"d":"2,784.60"},0]
["203. TONER CARTRIDGE, HP CB542A, yellow, for HP Color LaserJet CP1215, CP1510 printer series, CM1312 MFP  ","cart",{"$nulls":12},0,{"v":1.05,"d":"1.050"},{"v":2652,"d":"2,652.00"},{"v":2784.6,"d":"2,784.60"},0]
["204. TONER CARTRIDGE, HP CB543A, magenta, for HP Color LaserJet CP1215, CP1510 printer series, CM1312 MFP  ","cart",{"$nulls":12},0,{"v":1.05,"d":"1.050"},{"v":2652,"d":"2,652.00"},{"v":2784.6,"d":"2,784.60"},0]
["205. TONER CARTRIDGE, HP CC364A, black, for HP LaserJet P4014, P4015, P4515 printer series ","cart",{"$nulls":12},0,{"v":1.05,"d":"1.050"},{"v":6324,"d":"6,324.00"},{"v":6640.200000000001,"d":"6,640.20"},0]
["206. TONER CARTRIDGE, HP CC364XC, high cap, black, for HP LaserJet P4015, P4515 printer series ","cart",{"$nulls":12},0,{"v":1.05,"d":"1.050"},{"v":11597.4,"d":"11,597.40"},{"v":12177.27,"d":"12,177.27"},0]
["207. TONER CARTRIDGE, HP CC530A, black, for HP Color LaserJet CP2025 printer series  ","cart",{"$nulls":12},0,{"v":1.05,"d":"1.050"},{"v":5064.3,"d":"5,064.30"},{"v":5317.515,"d":"5,317.52"},0]
["208. TONER CARTRIDGE, HP CC531A, cyan, for HP Color LaserJet CP2025 printer series  ","cart",{"$nulls":12},0,{"v":1.05,"d":"1.050"},{"v":4750.14,"d":"4,750.14"},{"v":4987.647000000001,"d":"4,987.65"},0]
["209. TONER CARTRIDGE, HP CC532A, yellow, for HP Color LaserJet CP2025 printer series  ","cart",{"$nulls":12},0,{"v":1.05,"d":"1.050"},{"v":4750.14,"d":"4,750.14"},{"v":4987.647000000001,"d":"4,987.65"},0]
["210. TONER CARTRIDGE, HP CC533A, magenta, for HP Color LaserJet CP2025 printer series  ","cart",{"$nulls":12},0,{"v":1.05,"d":"1.050"},{"v":4657.14,"d":"4,657.14"},{"v":4889.997,"d":"4,890.00"},0]
["211. TONER CARTRIDGE, HP CE250A, black, for HP Color LaserJet CP3520 printer series  ","cart",{"$nulls":12},0,{"v":1.05,"d":"1.050"},{"v":5254.02,"d":"5,254.02"},{"v":5516.7210000000005,"d":"5,516.72"},0]
["212. TONER CARTRIDGE, HP CE251A, cyan, for HP Color LaserJet CP3520 printer series  ","cart",{"$nulls":12},0,{"v":1.05,"d":"1.050"},{"v":10348.92,"d":"10,348.92"},{"v":10866.366,"d":"10,866.37"},0]
["213. TONER CARTRIDGE, HP CE252A, yellow, for HP Color LaserJet CP3520 printer series  ","cart",{"$nulls":12},0,{"v":1.05,"d":"1.050"},{"v":10348.92,"d":"10,348.92"},{"v":10866.366,"d":"10,866.37"},0]
["214. TONER CARTRIDGE, HP CE253A, magenta, for HP Color LaserJet CP3520 printer series   ","cart",{"$nulls":12},0,{"v":1.05,"d":"1.050"},{"v":10348.92,"d":"10,348.92"},{"v":10866.366,"d":"10,866.37"},0]
["215. TONER CARTRIDGE, HP CE255A, black, for HP LaserJet P3010  printer series","cart",{"$nulls":12},0,{"v":1.05,"d":"1.050"},{"v":6233.22,"d":"6,233.22"},{"v":6544.881,"d":"6,544.88"},0]
["216. TONER CARTRIDGE, HP CE255X, black, for HP LaserJet P3010  printer series","cart",{"$nulls":12},0,{"v":1.05,"d":"1.050"},{"v":8809.74,"d":"8,809.74"},{"v":9250.227,"d":"9,250.23"},0]
["217. TONER CARTRIDGE, HP CE260A, black, for HP Color LaserJet Enterprise CP4020 Printer Series ","cart",{"$nulls":12},0,{"v":1.05,"d":"1.050"},{"v":6157.74,"d":"6,157.74"},{"v":6465.627,"d":"6,465.63"},0]
["218. TONER CARTRIDGE, HP CE261A, cyan, for HP Color LaserJet Enterprise CP4020 Printer Series ","cart",{"$nulls":12},0,{"v":1.05,"d":"1.050"},{"v":11185.32,"d":"11,185.32"},{"v":11744.586,"d":"11,744.59"},0]
["219. TONER CARTRIDGE, HP CE262A, yellow, for HP Color LaserJet Enterprise CP4020 Printer Series ","cart",{"$nulls":12},0,{"v":1.05,"d":"1.050"},{"v":11185.32,"d":"11,185.32"},{"v":11744.586,"d":"11,744.59"},0]
["220. TONER CARTRIDGE, HP CE263A, magenta, for HP Color LaserJet Enterprise CP4020 Printer Series ","cart",{"$nulls":12},0,{"v":1.05,"d":"1.050"},{"v":11185.32,"d":"11,185.32"},{"v":11744.586,"d":"11,744.59"},0]
["221. TONER CARTRIDGE, HP CE270A, black, for HP Color LaserJet Enterprise CP5520 Printer Series","cart",{"$nulls":12},0,{"v":1.05,"d":"1.050"},{"v":9916.44,"d":"9,916.44"},{"v":10412.262,"d":"10,412.26"},0]
["222. TONER CARTRIDGE, HP CE271A, cyan, for HP Color LaserJet Enterprise CP5520 Printer Series","cart",{"$nulls":12},0,{"v":1.05,"d":"1.050"},{"v":16171.08,"d":"16,171.08"},{"v":16979.634000000002,"d":"16,979.63"},0]
["223. TONER CARTRIDGE, HP CE272A, yellow, for HP Color LaserJet Enterprise CP5520 Printer Series","cart",{"$nulls":12},0,{"v":1.05,"d":"1.050"},{"v":16171.08,"d":"16,171.08"},{"v":16979.634000000002,"d":"16,979.63"},0]
["224. TONER CARTRIDGE, HP CE273A, magenta, for HP Color LaserJet Enterprise CP5520 Printer Series","cart",{"$nulls":12},0,{"v":1.05,"d":"1.050"},{"v":16171.08,"d":"16,171.08"},{"v":16979.634000000002,"d":"16,979.63"},0]
["225. TONER CARTRIDGE, HP CE278A, black, for HP LaserJet P1566, P1606dn, M1536dnf printer ","cart",{"$nulls":12},0,{"v":1.05,"d":"1.050"},{"v":3011.04,"d":"3,011.04"},{"v":3161.592,"d":"3,161.59"},0]
["226. TONER CARTRIDGE, HP CE285A, black, for HP LaserJet P1102, P1102w,  printer ","cart",{"$nulls":12},0,{"v":1.05,"d":"1.050"},{"v":2655.06,"d":"2,655.06"},{"v":2787.813,"d":"2,787.81"},0]
["227. TONER CARTRIDGE, HP CE310A, black, for HP Color LaserJet Pro CP1020 Printer Series","cart",{"$nulls":12},0,{"v":1.05,"d":"1.050"},{"v":2209.32,"d":"2,209.32"},{"v":2319.786,"d":"2,319.79"},0]
["228. TONER CARTRIDGE, HP CE311A, cyan, for HP Color LaserJet Pro CP1020 Printer Series","cart",{"$nulls":12},0,{"v":1.05,"d":"1.050"},{"v":2386.8,"d":"2,386.80"},{"v":2506.1400000000003,"d":"2,506.14"},0]
["229. TONER CARTRIDGE, HP CE312A, yellow, for HP Color LaserJet Pro CP1020 Printer Series","cart",{"$nulls":12},0,{"v":1.05,"d":"1.050"},{"v":2386.8,"d":"2,386.80"},{"v":2506.1400000000003,"d":"2,506.14"},0]
["230. TONER CARTRIDGE, HP CE313A, magenta, for HP Color LaserJet Pro CP1020 Printer Series","cart",{"$nulls":12},0,{"v":1.05,"d":"1.050"},{"v":2386.8,"d":"2,386.80"},{"v":2506.1400000000003,"d":"2,506.14"},0]
["231. TONER CARTRIDGE, HP CE320A, black, for HP Color LaserJet Pro CP1520, CM1415 Color MFP Printer Series","cart",{"$nulls":12},0,{"v":1.05,"d":"1.050"},{"v":2837.64,"d":"2,837.64"},{"v":2979.522,"d":"2,979.52"},0]
["232. TONER CARTRIDGE, HP CE321A, cyan, for HP Color LaserJet Pro CP1520, CM1415 Color MFP Printer Series","cart",{"$nulls":12},0,{"v":1.05,"d":"1.050"},{"v":2693.82,"d":"2,693.82"},{"v":2828.5110000000004,"d":"2,828.51"},0]
["233. TONER CARTRIDGE, HP CE322A, yellow, for HP Color LaserJet Pro CP1520, CM1415 Color MFP Printer Series","cart",{"$nulls":12},0,{"v":1.05,"d":"1.050"},{"v":2693.82,"d":"2,693.82"},{"v":2828.5110000000004,"d":"2,828.51"},0]
["234. TONER CARTRIDGE, HP CE323A, magenta, for HP Color LaserJet Pro CP1520, CM1415 Color MFP Printer Series","cart",{"$nulls":12},0,{"v":1.05,"d":"1.050"},{"v":2693.82,"d":"2,693.82"},{"v":2828.5110000000004,"d":"2,828.51"},0]
["235. TONER CARTRIDGE, HP CE390A, black, for HP  Laserjet Enterprise 600, M601, 600, M602, 600, M603, M4555 MFP Series","cart",{"$nulls":12},0,{"v":1.05,"d":"1.050"},{"v":7140,"d":"7,140.00"},{"v":7497,"d":"7,497.00"},0]
["236. TONER CARTRIDGE, HP CE390X, high cap, black, for HP  Laserjet Enterprise 600, M601, 600, M602, 600, M603, M4555 MFP Series","cart",{"$nulls":12},0,{"v":1.05,"d":"1.050"},{"v":11921.76,"d":"11,921.76"},{"v":12517.848,"d":"12,517.85"},0]
["237. TONER CARTRIDGE, HP CE400A, black, for HP Laserjet Enterprise 500 Color M551 Series","cart",{"$nulls":12},0,{"v":1.05,"d":"1.050"},{"v":6468.84,"d":"6,468.84"},{"v":6792.282,"d":"6,792.28"},0]
["238. TONER CARTRIDGE, HP CE401A, cyan, for HP Laserjet Enterprise 500 Color M551 Series","cart",{"$nulls":12},0,{"v":1.05,"d":"1.050"},{"v":9469.68,"d":"9,469.68"},{"v":9943.164,"d":"9,943.16"},0]
["239. TONER CARTRIDGE, HP CE402A, yellow, for HP Laserjet Enterprise 500 Color M551 Series","cart",{"$nulls":12},0,{"v":1.05,"d":"1.050"},{"v":9469.68,"d":"9,469.68"},{"v":9943.164,"d":"9,943.16"},0]
["240. TONER CARTRIDGE, HP CE403A, magenta, for HP Laserjet Enterprise 500 Color M551 Series","cart",{"$nulls":12},0,{"v":1.05,"d":"1.050"},{"v":9469.68,"d":"9,469.68"},{"v":9943.164,"d":"9,943.16"},0]
["241. TONER CARTRIDGE, HP CE505A, black, for HP LaserJet P2035, P2055  printer series ","cart",{"$nulls":12},0,{"v":1.05,"d":"1.050"},{"v":3590.4,"d":"3,590.40"},{"v":3769.92,"d":"3,769.92"},0]
["242. TONER CARTRIDGE, HP CE505XC, high cap, black, for HP LaserJet P2055  printer series ","cart",{"$nulls":12},0,{"v":1.05,"d":"1.050"},{"v":6592.26,"d":"6,592.26"},{"v":6921.8730000000005,"d":"6,921.87"},0]
["243. TONER CARTRIDGE, HP CE740A, black, for HP Color Laserjet Professional CP5220,  Printer Series","cart",{"$nulls":12},0,{"v":1.05,"d":"1.050"},{"v":6072.06,"d":"6,072.06"},{"v":6375.6630000000005,"d":"6,375.66"},0]
["244. TONER CARTRIDGE, HP CE741A, cyan, for HP Color Laserjet Professional CP5220,  Printer Series","cart",{"$nulls":12},0,{"v":1.05,"d":"1.050"},{"v":10770.18,"d":"10,770.18"},{"v":11308.689,"d":"11,308.69"},0]
["245. TONER CARTRIDGE, HP CE742A, yellow, for HP Color Laserjet Professional CP5220,  Printer Series","cart",{"$nulls":12},0,{"v":1.05,"d":"1.050"},{"v":10770.18,"d":"10,770.18"},{"v":11308.689,"d":"11,308.69"},0]
["246. TONER CARTRIDGE, HP CE743A, magenta, for HP Color Laserjet Professional CP5220,  Printer Series","cart",{"$nulls":12},0,{"v":1.05,"d":"1.050"},{"v":10770.18,"d":"10,770.18"},{"v":11308.689,"d":"11,308.69"},0]
["247. TONER CARTRIDGE, HP Q1339A, black, HP Laserjet 4300 printer series","cart",{"$nulls":12},0,{"v":1.05,"d":"1.050"},{"v":8586.36,"d":"8,586.36"},{"v":9015.678000000002,"d":"9,015.68"},0]
["248. TONER CARTRIDGE, HP Q6000A, black, for HP Color LaserJet 1600, 2600n, 2605, CM1015MFP, CM1017MFP   Printer","cart",{"$nulls":12},0,{"v":1.05,"d":"1.050"},{"v":3115.08,"d":"3,115.08"},{"v":3270.8340000000003,"d":"3,270.83"},0]
["249. TONER CARTRIDGE, HP Q6001A, cyan, for HP Color LaserJet 1600, 2600n, 2605, CM1015MFP, CM1017MFP   Printer","cart",{"$nulls":12},0,{"v":1.05,"d":"1.050"},{"v":3395.58,"d":"3,395.58"},{"v":3565.359,"d":"3,565.36"},0]
["250. TONER CARTRIDGE, HP Q6002A, yellow, for HP Color LaserJet 1600, 2600n, 2605, CM1015MFP, CM1017MFP   Printer","cart",{"$nulls":12},0,{"v":1.05,"d":"1.050"},{"v":3395.58,"d":"3,395.58"},{"v":3565.359,"d":"3,565.36"},0]
["251. TONER CARTRIDGE, HP Q6003A, magenta, for HP Color LaserJet 1600, 2600n, 2605, CM1015MFP, CM1017MFP   Printer","cart",{"$nulls":12},0,{"v":1.05,"d":"1.050"},{"v":3395.58,"d":"3,395.58"},{"v":3565.359,"d":"3,565.36"},0]
["252. TONER CARTRIDGE, HP Q6460A, black, for HP Color LaserJet 4730MFP, CM4730 Printer Series","cart",{"$nulls":12},0,{"v":1.05,"d":"1.050"},{"v":5927.22,"d":"5,927.22"},{"v":6223.581,"d":"6,223.58"},0]
["253. TONER CARTRIDGE, HP Q6461A, cyan, for HP Color LaserJet 4730MFP, CM4730 Printer Series","cart",{"$nulls":12},0,{"v":1.05,"d":"1.050"},{"v":12751.02,"d":"12,751.02"},{"v":13388.571000000002,"d":"13,388.57"},0]
["254. TONER CARTRIDGE, HP Q6462A, yellow, for HP Color LaserJet 4730MFP, CM4730 Printer Series","cart",{"$nulls":12},0,{"v":1.05,"d":"1.050"},{"v":12751.02,"d":"12,751.02"},{"v":13388.571000000002,"d":"13,388.57"},0]
["255. TONER CARTRIDGE, HP Q6463A, magenta, for HP Color LaserJet 4730MFP, CM4730 Printer Series","cart",{"$nulls":12},0,{"v":1.05,"d":"1.050"},{"v":12751.02,"d":"12,751.02"},{"v":13388.571000000002,"d":"13,388.57"},0]
["256. TONER CARTRIDGE, HP Q6470A, black, for HP Color LaserJet 3600 Printer Series","cart",{"$nulls":12},0,{"v":1.05,"d":"1.050"},{"v":5420.28,"d":"5,420.28"},{"v":5691.294,"d":"5,691.29"},0]
["257. TONER CARTRIDGE, HP Q6471A, cyan, for HP Color LaserJet 3600 Printer Series","cart",{"$nulls":12},0,{"v":1.05,"d":"1.050"},{"v":5389.68,"d":"5,389.68"},{"v":5659.164000000001,"d":"5,659.16"},0]
["258. TONER CARTRIDGE, HP Q6472A, yellow, for HP Color LaserJet 3600 Printer Series","cart",{"$nulls":12},0,{"v":1.05,"d":"1.050"},{"v":5389.68,"d":"5,389.68"},{"v":5659.164000000001,"d":"5,659.16"},0]
["259. TONER CARTRIDGE, HP Q6473A, magenta, for HP Color LaserJet 3600 Printer Series","cart",{"$nulls":12},0,{"v":1.05,"d":"1.050"},{"v":5389.68,"d":"5,389.68"},{"v":5659.164000000001,"d":"5,659.16"},0]
["280. TONER CARTRIDGE, HP Q7570A, black, HP Laserjet M5025, M5035 MFP Printer Series","cart",{"$nulls":12},0,{"v":1.05,"d":"1.050"},{"v":7272.6,"d":"7,272.60"},{"v":7636.2300000000005,"d":"7,636.23"},0]
["281. TONER CARTRIDGE, HP Q7581A, cyan, for HP Color LaserJet 3800, CP3505 Printer Series","cart",{"$nulls":12},0,{"v":1.05,"d":"1.050"},{"v":6977.82,"d":"6,977.82"},{"v":7326.711,"d":"7,326.71"},0]
["282. TONER CARTRIDGE, HP Q7582A, yellow, for HP Color LaserJet 3800, CP3505 Printer Series","cart",{"$nulls":12},0,{"v":1.05,"d":"1.050"},{"v":6977.82,"d":"6,977.82"},{"v":7326.711,"d":"7,326.71"},0]
["283. TONER CARTRIDGE, HP Q7583A, magenta, for HP Color LaserJet 3800, CP3505 Printer Series","cart",{"$nulls":12},0,{"v":1.05,"d":"1.050"},{"v":6977.82,"d":"6,977.82"},{"v":7326.711,"d":"7,326.71"},0]
["284. TONER CARTRIDGE, Brother TN-155BK, black","cart",{"$nulls":12},0,{"v":1.05,"d":"1.050"},{"v":4222.8,"d":"4,222.80"},{"v":4433.9400000000005,"d":"4,433.94"},0]
["285. TONER CARTRIDGE, Brother TN-155M, magenta","cart",{"$nulls":12},0,{"v":1.05,"d":"1.050"},{"v":5661,"d":"5,661.00"},{"v":5944.05,"d":"5,944.05"},0]
["286. TONER CARTRIDGE, Brother TN-155Y, yellow","cart",{"$nulls":12},0,{"v":1.05,"d":"1.050"},{"v":5661,"d":"5,661.00"},{"v":5944.05,"d":"5,944.05"},0]
["287. TONER CARTRIDGE, Brother TN-155C, cyan","cart",{"$nulls":12},0,{"v":1.05,"d":"1.050"},{"v":5661,"d":"5,661.00"},{"v":5944.05,"d":"5,944.05"},0]
["288. TONER CARTRIDGE, Brother TN-2025","cart",{"$nulls":12},0,{"v":1.05,"d":"1.050"},{"v":2789.7,"d":"2,789.70"},{"v":2929.185,"d":"2,929.19"},0]
["289. TONER CARTRIDGE, Brother TN-2130","cart",{"$nulls":12},0,{"v":1.05,"d":"1.050"},{"v":1825.8,"d":"1,825.80"},{"v":1917.0900000000001,"d":"1,917.09"}]
["290. TONER CARTRIDGE, Brother TN-2150","cart",{"$nulls":12},0,{"v":1.05,"d":"1.050"},{"v":2805,"d":"2,805.00"},{"v":2945.25,"d":"2,945.25"}]
["291. TONER CARTRIDGE, Brother TN3060","cart",{"$nulls":12},0,{"v":1.05,"d":"1.050"},{"v":4559.4,"d":"4,559.40"},{"v":4787.37,"d":"4,787.37"},0]
["292. TONER CARTRIDGE, TN-3250, low yield, for Brother HL5350DN","cart",{"$nulls":12},0,{"v":1.05,"d":"1.050"},{"v":3478.2,"d":"3,478.20"},{"v":3652.11,"d":"3,652.11"},0]
["293. TONER CARTRIDGE, Lexmark 34217HR(12A8400)","cart",{"$nulls":12},0,{"v":1.05,"d":"1.050"},{"v":4621.62,"d":"4,621.62"},{"v":4852.701,"d":"4,852.70"},0]
["294. TONER CARTRIDGE, Lexmark 1382920","cart",{"$nulls":12},0,{"v":1.05,"d":"1.050"},{"v":14198.4,"d":"14,198.40"},{"v":14908.32,"d":"14,908.32"},0]
["295. TONER CARTRIDGE, Lexmark X340A11G","cart",{"$nulls":12},0,{"v":1.05,"d":"1.050"},{"v":5967,"d":"5,967.00"},{"v":6265.35,"d":"6,265.35"},0]
["296. TONER CARTRIDGE, Lexmark E360H11P","cart",{"$nulls":12},0,{"v":1.05,"d":"1.050"},{"v":11776.92,"d":"11,776.92"},{"v":12365.766000000001,"d":"12,365.77"},0]
["297. TONER CARTRIDGE, Lexmark E450A11P","cart",{"$nulls":12},0,{"v":1.05,"d":"1.050"},{"v":6684.06,"d":"6,684.06"},{"v":7018.263000000001,"d":"7,018.26"},0]
["298. TONER CARTRIDGE, Lexmark T650A11P","cart",{"$nulls":12},0,{"v":1.05,"d":"1.050"},{"v":9445.2,"d":"9,445.20"},{"v":9917.460000000001,"d":"9,917.46"},0]
["299. TONER CARTRIDGE, Developer, Epson C13SO50005, for printer EPL-5500","cart",{"$nulls":12},0,{"v":1.05,"d":"1.050"},{"v":3112.02,"d":"3,112.02"},{"v":3267.621,"d":"3,267.62"},0]
["300. TONER CARTRIDGE, Developer, Epson C13SO50010, for printer EPL-5700L/5800","cart",{"$nulls":12},0,{"v":1.05,"d":"1.050"},{"v":5095.92,"d":"5,095.92"},{"v":5350.716,"d":"5,350.72"},0]
["301. TONER CARTRIDGE, Developer, Epson C13S050087, for printer EPL-5900/5900L","cart",{"$nulls":12},0,{"v":1.05,"d":"1.050"},{"v":5194.86,"d":"5,194.86"},{"v":5454.603,"d":"5,454.60"},0]
["302. TONER CARTRIDGE, Developer, Epson C13S050166, 6K, for printer EPL-6200","cart",{"$nulls":12},0,{"v":1.05,"d":"1.050"},{"v":5053.08,"d":"5,053.08"},{"v":5305.734,"d":"5,305.73"},0]
["303. TONER CARTRIDGE, Developer, Epson C13S050167, 3K, for printer EPL-6200/6200L","cart",{"$nulls":12},0,{"v":1.05,"d":"1.050"},{"v":3211.98,"d":"3,211.98"},{"v":3372.579,"d":"3,372.58"},0]
["304. TONER CARTRIDGE,Epson C13S050440, Std Cap, for printer AL-M2010D/DN","cart",{"$nulls":12},0,{"v":1.05,"d":"1.050"},{"v":5572.26,"d":"5,572.26"},{"v":5850.8730000000005,"d":"5,850.87"},0]
["305. TONER CARTRIDGE, Developer, Epson C13S050520, 1.8K, for printer AL-M1200","cart",{"$nulls":12},0,{"v":1.05,"d":"1.050"},{"v":3542.46,"d":"3,542.46"},{"v":3719.583,"d":"3,719.58"},0]
["306. TONER CARTRIDGE, Developer, Epson C13S050521, 3.2K, for printer AL-M1200","cart",{"$nulls":12},0,{"v":1.05,"d":"1.050"},{"v":5241.78,"d":"5,241.78"},{"v":5503.869,"d":"5,503.87"},0]
["307. TONER CARTRIDGE, Samsung Part No. SCX-D655A for printer model MFP 6545","cart",{"$nulls":12},0,{"v":1.05,"d":"1.050"},{"v":8670,"d":"8,670.00"},{"v":9103.5,"d":"9,103.50"},0]
["308. TONER CARTRIDGE, Samsung Part No. MLD3050B for printer ML-D3050 / ML-D3051","cart",{"$nulls":12},0,{"v":1.05,"d":"1.050"},{"v":6528,"d":"6,528.00"},{"v":6854.400000000001,"d":"6,854.40"},0]
["309. TONER CARTRIDGE, Samsung Part No. MLTD105L, for printer ML 2580n","cart",{"$nulls":12},0,{"v":1.05,"d":"1.050"},{"v":2805,"d":"2,805.00"},{"v":2945.25,"d":"2,945.25"},0]
["310. TONER CARTRIDGE, Samsung Part No. ML D2850B, for printer ML D2851ND","cart",{"$nulls":12},0,{"v":1.05,"d":"1.050"},{"v":4768.5,"d":"4,768.50"},{"v":5006.925,"d":"5,006.93"},0]
["311. TONER CARTRIDGE, Samsung Part No. MLTD104-S, for Samsung ML 1660","cart",{"$nulls":12},0,{"v":1.05,"d":"1.050"},{"v":2856,"d":"2,856.00"},{"v":2998.8,"d":"2,998.80"},0]
["312. TONER CARTRIDGE, Samsung Part No. MLTD103-S","cart",{"$nulls":12},0,{"v":1.05,"d":"1.050"},{"v":2856,"d":"2,856.00"},{"v":2998.8,"d":"2,998.80"}]
["313. TONER CARTRIDGE, Samsung ML-2250D5","cart",{"$nulls":12},0,{"v":1.05,"d":"1.050"},{"v":4692,"d":"4,692.00"},{"v":4926.6,"d":"4,926.60"},0]
["314. TONER CARTRIDGE, Samsung ML-2010D3","cart",{"$nulls":12},0,{"v":1.05,"d":"1.050"},{"v":2958,"d":"2,958.00"},{"v":3105.9,"d":"3,105.90"},0]
["315. TONER CARTRIDGE, for Kyocera Mita KM-1505/1510/1810","cart",{"$nulls":12},0,{"v":1.05,"d":"1.050"},{"v":3843.84,"d":"3,843.84"},{"v":4036.032,"d":"4,036.03"},0]
["316. TONER CARTRIDGE, TK 100, for Kyocera Mita KM-1500","cart",{"$nulls":12},0,{"v":1.05,"d":"1.050"},{"v":2843.56,"d":"2,843.56"},{"v":2985.7380000000003,"d":"2,985.74"},0]
["317. TONER CARTRIDGE, Kyocera TK-120","cart",{"$nulls":12},0,{"v":1.05,"d":"1.050"},{"v":5254.02,"d":"5,254.02"},{"v":5516.7210000000005,"d":"5,516.72"},0]
["318. TONER CARTRIDGE, for Kyocera FS4000DN printer TK330","cart",{"$nulls":12},0,{"v":1.05,"d":"1.050"},{"v":8042.7,"d":"8,042.70"},{"v":8444.835000000001,"d":"8,444.84"},0]
["319. TONER CARTRIDGE, for Kyocera FS4020DN printer TK364","cart",{"$nulls":12},0,{"v":1.05,"d":"1.050"},{"v":8319.12,"d":"8,319.12"},{"v":8735.076000000001,"d":"8,735.08"},0]
["320. RIBBON CARTRIDGE, Lexmark 11A3550 for Printer Models 23xx series","cart",{"$nulls":12},0,{"v":1.05,"d":"1.050"},{"v":1142.4,"d":"1,142.40"},{"v":1199.5200000000002,"d":"1,199.52"},0]
["321. RIBBON CARTRIDGE, Epson C13SO15505 for printer DFX-9000 ","cart",{"$nulls":12},0,{"v":1.05,"d":"1.050"},{"v":1129.14,"d":"1,129.14"},{"v":1185.5970000000002,"d":"1,185.60"},0]
["322. RIBBON CARTRIDGE, Epson C13SO15506(7753) Fabric, for printer LQ 300/300+II & 580","cart",{"$nulls":12},0,{"v":1.05,"d":"1.050"},119.34,{"v":125.307,"d":"125.31"},0]
["323. RIBBON CARTRIDGE, Epson C13SO15508(S015016), black, for printer LQ 670/680/680Pro","cart",{"$nulls":12},0,{"v":1.05,"d":"1.050"},344.76,{"v":361.998,"d":"362.00"},0]
["324. RIBBON CARTRIDGE, Epson C13SO15568, Color, for printer LX-300","cart",{"$nulls":12},0,{"v":1.05,"d":"1.050"},{"v":1224,"d":"1,224.00"},{"v":1285.2,"d":"1,285.20"},0]
["325. RIBBON CARTRIDGE, Epson C13SO15577(#8766), for printer DFX-5000+/ 8000/8500 Black Ribbon (S015055)","cart",{"$nulls":12},0,{"v":1.05,"d":"1.050"},940.44,{"v":987.4620000000001,"d":"987.46"},0]
["326. RIBBON CARTRIDGE, Epson C13SO15587, black for printer DLQ-3000/3000+/3500","cart",{"$nulls":12},0,{"v":1.05,"d":"1.050"},{"v":1030.2,"d":"1,030.20"},{"v":1081.71,"d":"1,081.71"},0]
["327. RIBBON CARTRIDGE, Epson C13SO15589(S015337), for printer LQ-590","cart",{"$nulls":12},0,{"v":1.05,"d":"1.050"},373.32,{"v":391.986,"d":"391.99"},0]
["328. RIBBON, Epson RN 8755","cart",{"$nulls":12},0,{"v":1.05,"d":"1.050"},83.13,{"v":87.2865,"d":"87.29"},0]
["329. RIBBON, Epson RN 8750","cart",2,3,2,3,2,3,2,3,2,3,2,3,30,{"v":1.05,"d":"1.050"},75.28,{"v":79.04400000000001,"d":"79.04"},{"v":2371.32,"d":"2,371.32"}]
["330. RIBBON, Epson RN 7754","cart",{"$nulls":12},0,{"v":1.05,"d":"1.050"},{"v":127.5,"d":"127.50"},{"v":133.875,"d":"133.88"},0]
["331. RIBBON, Epson RN SO 15083/SO 15086","cart",2,null,1,1,1,null,1,null,1,1,1,null,9,{"v":1.05,"d":"1.050"},710.94,{"v":746.4870000000001,"d":"746.49"},{"v":6718.383000000001,"d":"6,718.38"}]
["332. RIBBON, Epson RN SO 15327","cart",{"$nulls":12},0,{"v":1.05,"d":"1.050"},328.44,{"v":344.862,"d":"344.86"},0]
["333. RIBBON CARTRIDGE, for Fujitsu DL3850","cart",{"$nulls":12},0,{"v":1.05,"d":"1.050"},{"v":438.6,"d":"438.60"},{"v":460.53000000000003,"d":"460.53"},0]
["334. PRINTHEAD, HP 11, black, C4810A , 8 ml, for HP Officejet 9110, 9120, 9130 All-in-One, HP Business Inkjet 1100+ printer series, 1200+ printer series, 2230, 2280 printer series 2300 printer series, 2600 printer series, HP Colour Printer cp1700 series","cart",{"$nulls":12},0,{"v":1.05,"d":"1.050"},{"v":1365.78,"d":"1,365.78"},{"v":1434.069,"d":"1,434.07"},0]
["335. PRINTHEAD, HP 11, cyan, 8 ml, HP Officejet 9110, 9120, 9130 All-in-One, HP Business Inkjet 1100+ printer series, 1200+ printer series, 2230, 2280 printer series 2300 printer series, 2600 printer series , HP Colour Printer cp1700 series","cart",{"$nulls":12},0,{"v":1.05,"d":"1.050"},{"v":1365.78,"d":"1,365.78"},{"v":1434.069,"d":"1,434.07"},0]
["336. PRINTHEAD, HP 11, magenta C4812A, 8 ml, HP Officejet 9110, 9120, 9130 All-in-One, HP Business Inkjet 1100+ printer series, 1200+ printer series, 2230, 2280 printer series 2300 printer series, 2600 printer series                                                                                        HP Colour Printer cp1700 series","cart",1,{"$nulls":4},1,{"$nulls":6},2,{"v":1.05,"d":"1.050"},{"v":1365.78,"d":"1,365.78"},{"v":1434.069,"d":"1,434.07"},{"v":2868.138,"d":"2,868.14"}]
["337. PRINTHEAD, HP 11 yellow, 8 ml, HP Officejet 9110, 9120, 9130 All-in-One, HP Business Inkjet 1100+ printer series, 1200+ printer series, 2230, 2280 printer series 2300 printer series, 2600 printer series, HP Colour Printer cp1700 series","cart",{"$nulls":12},0,{"v":1.05,"d":"1.050"},{"v":1365.78,"d":"1,365.78"},{"v":1434.069,"d":"1,434.07"},0]
["338. Photoconductor Kit, Lexmark PN 12A8302","cart",{"$nulls":12},0,{"v":1.05,"d":"1.050"},{"v":4120.8,"d":"4,120.80"},{"v":4326.84,"d":"4,326.84"},0]
["339. Photoconductor Kit, Lexmark PN E260X22G","cart",{"$nulls":12},0,{"v":1.05,"d":"1.050"},{"v":2295,"d":"2,295.00"},{"v":2409.75,"d":"2,409.75"},0]
["340. Photoconductor Kit, Lexmark PN E250X22G","cart",{"$nulls":12},0,{"v":1.05,"d":"1.050"},{"v":2295,"d":"2,295.00"},{"v":2409.75,"d":"2,409.75"},0]
["341. PHOTOCONDUCTOR UNIT, Epson C13S051099, for printer EPL 6200/6200L","cart",{"$nulls":12},0,{"v":1.05,"d":"1.050"},{"v":3391.5,"d":"3,391.50"},{"v":3561.0750000000003,"d":"3,561.08"},0]
["342. IMAGING UNIT, Samsung SCXR6555A","cart",{"$nulls":12},0,{"v":1.05,"d":"1.050"},{"v":10200,"d":"10,200.00"},{"v":10710,"d":"10,710.00"}]
[{"$nulls":15},{"v":1.05,"d":"1.050"}]
["COMMON OFFICE SUPPLIES",{"$nulls":14},{"v":1.05,"d":"1.050"}]
["1. ACETATE, gauge #3, 50m in length","roll",{"$nulls":12},0,{"v":1.05,"d":"1.050"},612.02,{"v":642.621,"d":"642.62"},0]
["2. AIR FRESHENER, 280mL/can","can",4,5,3,5,2,3,6,1,4,5,1,3,42,{"v":1.05,"d":"1.050"},89.44,{"v":93.912,"d":"93.91"},{"v":3944.304,"d":"3,944.30"}]
["3. ALCOHOL, 70%, ethyl","bottle",11,2,11,5,8,5,11,2,11,5,11,2,84,{"v":1.05,"d":"1.050"},40.04,{"v":42.042,"d":"42.04"},{"v":3531.5280000000002,"d":"3,531.53"}]
["4. AUDIO CASSETTE TAPE, 90min. recording time","piece",{"$nulls":12},0,{"v":1.05,"d":"1.050"},20.59,{"v":21.619500000000002,"d":"21.62"},0]
["5. BINDER, 3-ring, D-type, A4, 64mm(2.5\"), with insert clear-view pocket on front, back and spine for label","pair",null,null,2,null,null,2,null,null,2,null,null,2,8,{"v":1.05,"d":"1.050"},{"v":114.4,"d":"114.40"},120.12,960.96]
["6. BINDER, 3-ring, D-type, legal, 64MM(2.5\"), with insert clear-view pocket on front, back and spine for label","pair",null,null,2,null,null,2,null,null,2,null,null,2,8,{"v":1.05,"d":"1.050"},{"v":119.6,"d":"119.60"},125.58,{"v":1004.64,"d":"1,004.64"}]
["7. CARBON FILM, polyethylene, 210mm x 297mm(A-4), 100s/box","box",{"$nulls":12},0,{"v":1.05,"d":"1.050"},{"v":327.6,"d":"327.60"},343.98,0]
["8. CARBON FILM, polyehtylene, 216mm x 330mm, 100s/box","box",{"$nulls":12},0,{"v":1.05,"d":"1.050"},{"v":331.5,"d":"331.50"},{"v":348.075,"d":"348.08"},0]
["9. CARTOLINA, assorted color, 20s/pack","pack",{"$nulls":12},0,{"v":1.05,"d":"1.050"},69.89,{"v":73.3845,"d":"73.38"},0]
["10. CARTOLINA, white, 20s/pack","pack",{"$nulls":12},0,{"v":1.05,"d":"1.050"},{"v":41.6,"d":"41.60"},{"v":43.68000000000001,"d":"43.68"},0]
["11. CHALK, white, dustless, 100 pcs/box","box",{"$nulls":12},0,{"v":1.05,"d":"1.050"},34.32,{"v":36.036,"d":"36.04"},0]
["12. CLIP, bulldog (3\")","piece",6,{"$nulls":5},6,{"$nulls":5},12,{"v":1.05,"d":"1.050"},7.68,{"v":8.064,"d":"8.06"},{"v":96.768,"d":"96.77"}]
["13. CLIP, backfold, 25mm, 12s/box","box",1,{"$nulls":5},1,{"$nulls":5},2,{"v":1.05,"d":"1.050"},14.56,{"v":15.288000000000002,"d":"15.29"},{"v":30.576000000000004,"d":"30.58"}]
["14. CLIP, backfold, 50mm, 12s/box","box",1,{"$nulls":5},1,{"$nulls":5},2,{"v":1.05,"d":"1.050"},42.12,{"v":44.226,"d":"44.23"},{"v":88.452,"d":"88.45"}]
["15. CLIP, backfold, 19mm, 12s/box","box",1,{"$nulls":5},1,{"$nulls":5},2,{"v":1.05,"d":"1.050"},7.54,{"v":7.917000000000001,"d":"7.92"},{"v":15.834000000000001,"d":"15.83"}]
["16. CLIP, backfold, 32mm, 12s/box","box",1,{"$nulls":5},1,{"$nulls":5},2,{"v":1.05,"d":"1.050"},16.64,{"v":17.472,"d":"17.47"},{"v":34.944,"d":"34.94"}]
["17. COLUMNAR PAD, 4 cols, 50 gsm min.","pad",{"$nulls":12},0,{"v":1.05,"d":"1.050"},24.44,{"v":25.662000000000003,"d":"25.66"},0]
["18. COLUMNAR PAD, 14 cols, 50 gsm min.","pad",{"$nulls":12},0,{"v":1.05,"d":"1.050"},43.68,{"v":45.864000000000004,"d":"45.86"},0]
["19. COLUMNAR PAD, 16 cols, 50 gsm min. ","pad",{"$nulls":12},0,{"v":1.05,"d":"1.050"},42.64,{"v":44.772000000000006,"d":"44.77"},0]
["20. COLUMNAR PAD, 18 cols, 50 gsm min.","pad",{"$nulls":12},0,{"v":1.05,"d":"1.050"},71.24,{"v":74.80199999999999,"d":"74.80"},0]
["21. COLUMNAR NOTEBOOK, 12 cols","piece",{"$nulls":12},0,{"v":1.05,"d":"1.050"},19.76,{"v":20.748,"d":"20.75"},0]
["22. CORRECTION TAPE, disposable, usable length of 6 meters(min), 5mm width","pair",null,null,2,null,null,2,null,null,2,null,null,2,8,{"v":1.05,"d":"1.050"},20.75,{"v":21.7875,"d":"21.79"},{"v":174.3,"d":"174.30"}]
["23. DATA FILE BOX, (5\"x9\"x15-3/4\")","box",1,5,3,1,null,null,9,null,null,1,3,null,23,{"v":1.05,"d":"1.050"},61.36,{"v":64.428,"d":"64.43"},{"v":1481.844,"d":"1,481.84"}]
["24. DATA FOLDER, w/ finger ring, (3\" x 9\" x 15\")","piece",null,null,6,{"$nulls":9},6,{"v":1.05,"d":"1.050"},66.56,{"v":69.888,"d":"69.89"},{"v":419.32800000000003,"d":"419.33"}]
["25. EDP BINDER, TB, for 11\" X 9-1/2\" CCF","piece",{"$nulls":12},0,{"v":1.05,"d":"1.050"},33.28,{"v":34.944,"d":"34.94"},0]
["26. EDP BINDER, TB, for 11\" X 14-7/8\" CCF, plastic, spring rod type, assorted colors","piece",{"$nulls":13},{"v":1.05,"d":"1.050"},33.28,{"v":34.944,"d":"34.94"}]
["27. ENVELOPE, documentary (10\"x15\"), 500s/box","box",{"$nulls":5},2,{"$nulls":5},2,4,{"v":1.05,"d":"1.050"},585.52,{"v":614.796,"d":"614.80"},{"v":2459.184,"d":"2,459.18"}]
["28. ENVELOPE, expanding, kraft, legal size, 100s/box","box",2,null,1,null,null,2,1,null,1,null,null,2,9,{"v":1.05,"d":"1.050"},650.57,{"v":683.0985000000001,"d":"683.10"},{"v":6147.8865000000005,"d":"6,147.89"}]
["29. ENVELOPE, mailing white, 500s/box","box",3,null,4,null,1,3,1,null,3,null,null,2,17,{"v":1.05,"d":"1.050"},152.59,{"v":160.2195,"d":"160.22"},{"v":2723.7315000000003,"d":"2,723.73"}]
["30. ENVELOPE, mailing white with window, 500s","box",{"$nulls":12},0,{"v":1.05,"d":"1.050"},196.04,{"v":205.842,"d":"205.84"},0]
["31. ENVELOPE, pay, kraft, (4\"x7-1/2\"), 496s/box","box",{"$nulls":12},0,{"v":1.05,"d":"1.050"},102.54,{"v":107.66700000000002,"d":"107.67"},0]
["32. ENVELOPE, expanding, plastic, legal size","piece",19,null,null,12,null,null,18,null,null,12,null,null,61,{"v":1.05,"d":"1.050"},45.76,{"v":48.048,"d":"48.05"},{"v":2930.928,"d":"2,930.93"}]
["33. ENVELOPE, documentary, A4, 500s/box","box",2,{"$nulls":11},2,{"v":1.05,"d":"1.050"},460.62,{"v":483.651,"d":"483.65"},{"v":967.302,"d":"967.30"}]
["34. ERASER, blackboard/whiteboard","piece",{"$nulls":12},0,{"v":1.05,"d":"1.050"},10.59,{"v":11.1195,"d":"11.12"},0]
["35. ERASER, rubber","piece",18,15,2,5,3,6,2,9,3,5,2,2,72,{"v":1.05,"d":"1.050"},5.18,{"v":5.439,"d":"5.44"},{"v":391.608,"d":"391.61"}]
["36. FILE ORGANIZER, expanding, legal, plastic, assorted colors","piece",12,null,1,null,null,1,null,null,1,null,null,1,16,{"v":1.05,"d":"1.050"},79.04,{"v":82.992,"d":"82.99"},{"v":1327.872,"d":"1,327.87"}]
["  ","pack",2,null,1,null,null,1,1,null,1,null,null,1,7,{"v":1.05,"d":"1.050"},851.64,{"v":894.222,"d":"894.22"},{"v":6259.554,"d":"6,259.55"}]
["38. FOLDER, tagboard, legal size, 100s/box","pack",4,{"$nulls":6},3,{"$nulls":4},7,{"v":1.05,"d":"1.050"},{"v":327.6,"d":"327.60"},343.98,{"v":2407.86,"d":"2,407.86"}]
["39. FOLDER, tagboard, A4 size, 100s/box","pack",5,{"$nulls":6},4,{"$nulls":4},9,{"v":1.05,"d":"1.050"},{"v":296.4,"d":"296.40"},{"v":311.21999999999997,"d":"311.22"},{"v":2800.9799999999996,"d":"2,800.98"}]
["40. FOLDER, morocco/fancy, legal size, 50s/pack","pack",2,null,1,null,1,null,1,null,1,null,1,null,7,{"v":1.05,"d":"1.050"},257.92,{"v":270.81600000000003,"d":"270.82"},{"v":1895.7120000000002,"d":"1,895.71"}]
["41.  FOLDER, morocco/fancy, A4 size, 50s/pack","bundle",3,null,1,null,1,null,1,null,1,null,1,null,8,{"v":1.05,"d":"1.050"},{"v":254.8,"d":"254.80"},267.54,{"v":2140.32,"d":"2,140.32"}]
["42. FOLDER, clear plastic, L-type, A4 size, 50s/pack","pack",1,{"$nulls":11},1,{"v":1.05,"d":"1.050"},196.56,{"v":206.388,"d":"206.39"},{"v":206.388,"d":"206.39"}]
["43. FOLDER, clear plastic, L-type, legal size, 50s/pack","pack",1,{"$nulls":5},1,{"$nulls":5},2,{"v":1.05,"d":"1.050"},209.04,{"v":219.492,"d":"219.49"},{"v":438.984,"d":"438.98"}]
["44. GLUE, all purpose, 300 grams min.","jar",6,null,5,null,2,3,2,null,5,null,2,3,28,{"v":1.05,"d":"1.050"},45.76,{"v":48.048,"d":"48.05"},{"v":1345.344,"d":"1,345.34"}]
["45. ILLUSTRATION BOARD, (30\"x40\"), 2 ply","piece",{"$nulls":12},0,{"v":1.05,"d":"1.050"},32.76,{"v":34.397999999999996,"d":"34.40"},0]
["46. INDEX CARD,3\"x 5\",ruled both sides, 500s/pack","pack",{"$nulls":12},0,{"v":1.05,"d":"1.050"},40.98,{"v":43.028999999999996,"d":"43.03"},0]
["47. INDEX CARD, 5\" x 8\",ruled both side, 500s/pack","pack",{"$nulls":12},0,{"v":1.05,"d":"1.050"},{"v":93.6,"d":"93.60"},98.28,0]
["48. INDEX CARD BOX, 4-3/8\"x5-5/8\" x 4\"(3\" x 5\")","box",{"$nulls":12},0,{"v":1.05,"d":"1.050"},34.58,{"v":36.309,"d":"36.31"},0]
["49. INDEX CARD BOX, 5-3/8\"x8-7/8\" x 6\"(5\" x 8\")","box",{"$nulls":12},0,{"v":1.05,"d":"1.050"},50.16,{"v":52.668,"d":"52.67"},0]
["50. INDEX TAB, self-adhesive, 10 pcs/box","box",{"$nulls":12},0,{"v":1.05,"d":"1.050"},{"v":49.4,"d":"49.40"},51.87,0]
["51. LEAD, for mechanical pencil,0.5mm, 12 pcs/tube","tube",3,null,1,null,1,null,3,null,1,null,1,null,10,{"v":1.05,"d":"1.050"},12.98,{"v":13.629000000000001,"d":"13.63"},{"v":136.29000000000002,"d":"136.29"}]
["52. LOOSELEAF COVER, 214mm x 354mm, 50 pcs/bundle","bundle",{"$nulls":12},0,{"v":1.05,"d":"1.050"},{"v":494,"d":"494.00"},{"v":518.7,"d":"518.70"},0]
["53. MAGAZINE FILE BOX, 110mm x 220mm x 265mm, with open end","piece",{"$nulls":12},0,{"v":1.05,"d":"1.050"},{"v":36.4,"d":"36.40"},38.22,0]
["54. MAGAZINE FILE BOX, 112mm x 200mm x 240mm, with open end","piece",{"$nulls":12},0,{"v":1.05,"d":"1.050"},{"v":36.4,"d":"36.40"},38.22,0]
["55. MAP PIN, round head, 100s/case","case",1,null,2,null,1,1,1,null,2,null,1,1,10,{"v":1.05,"d":"1.050"},{"v":36.4,"d":"36.40"},38.22,{"v":382.2,"d":"382.20"}]
["56. MARKER, fluorescent, 3 colors/set","set",12,null,5,8,4,1,12,null,5,7,null,1,55,{"v":1.05,"d":"1.050"},41.08,{"v":43.134,"d":"43.13"},{"v":2372.37,"d":"2,372.37"}]
["57. MARKING PEN, whiteboard, black","piece",2,2,4,null,2,4,2,2,4,null,2,4,28,{"v":1.05,"d":"1.050"},11.86,{"v":12.453,"d":"12.45"},{"v":348.68399999999997,"d":"348.68"}]
["58. MARKING PEN, whiteboard, blue","piece",2,2,4,null,2,4,2,2,4,null,2,4,28,{"v":1.05,"d":"1.050"},11.86,{"v":12.453,"d":"12.45"},{"v":348.68399999999997,"d":"348.68"}]
["59. MARKING PEN, whiteboard, red","piece",2,null,4,null,null,4,2,null,4,null,null,4,20,{"v":1.05,"d":"1.050"},11.86,{"v":12.453,"d":"12.45"},249.06]
["60. MARKER, permanent, black","piece",14,2,6,2,2,6,14,2,6,10,2,6,72,{"v":1.05,"d":"1.050"},12.25,{"v":12.8625,"d":"12.86"},{"v":926.1,"d":"926.10"}]
["61. MARKER, permanent, blue","piece",14,2,6,2,2,6,14,2,6,10,2,6,72,{"v":1.05,"d":"1.050"},12.25,{"v":12.8625,"d":"12.86"},{"v":926.1,"d":"926.10"}]
["62. MARKER, permanent, red","piece",6,2,6,2,2,6,6,2,6,2,2,6,48,{"v":1.05,"d":"1.050"},12.25,{"v":12.8625,"d":"12.86"},{"v":617.4000000000001,"d":"617.40"}]
["63. NOTE BOOK, stenographer's, 40 leaves, ruled both sides","piece",3,{"$nulls":5},3,{"$nulls":5},6,{"v":1.05,"d":"1.050"},{"v":7.7,"d":"7.70"},{"v":8.085,"d":"8.09"},{"v":48.510000000000005,"d":"48.51"}]
["64. NOTE PAD, (3\"x3\"), 100 sheets/pad","pad",2,null,3,null,null,3,null,null,3,null,3,null,14,{"v":1.05,"d":"1.050"},34.32,{"v":36.036,"d":"36.04"},{"v":504.504,"d":"504.50"}]
["65. NOTE PAD, (3\"x4\"), 100 sheets/pad","pad",4,{"$nulls":5},2,{"$nulls":5},6,{"v":1.05,"d":"1.050"},{"v":57.2,"d":"57.20"},60.06,360.36]
["66. NOTE PAD, (2\"x2\"), 400 sheets/pad","pad",{"$nulls":12},0,{"v":1.05,"d":"1.050"},112.32,{"v":117.93599999999999,"d":"117.94"},0]
["67. NOTE PAD, (2\"x3\"), 100 sheets/pad","pad",{"$nulls":12},0,{"v":1.05,"d":"1.050"},{"v":31.2,"d":"31.20"},32.76,0]
["68. OIL, for general purpose, 120 mL ","bottle",null,null,1,{"$nulls":5},1,{"$nulls":3},2,{"v":1.05,"d":"1.050"},34.32,{"v":36.036,"d":"36.04"},{"v":72.072,"d":"72.07"}]
["69. PAPER, bond, Premium Grade,210mm x 297mm (A4),    70 gsm","ream",{"$nulls":12},0,{"v":1.05,"d":"1.050"},98.68,{"v":103.61400000000002,"d":"103.61"},0]
["70. PAPER, mimeo, Groundwood, 210mm x 297mm (A4), 60gsm","ream",{"$nulls":12},0,{"v":1.05,"d":"1.050"},70.08,{"v":73.584,"d":"73.58"},0]
["71. PAPER, for Plain Paper Copier, 210mm x 297mm (A4) 70gsm","ream",null,null,4,null,null,4,null,null,4,null,null,4,16,{"v":1.05,"d":"1.050"},110.12,{"v":115.626,"d":"115.63"},{"v":1850.016,"d":"1,850.02"}]
["72. PAPER, for Plain Paper Copier, 254mm 356mm(B4), 70gsm","ream",null,null,1,{"$nulls":3},1,{"$nulls":3},1,null,3,{"v":1.05,"d":"1.050"},194.66,{"v":204.393,"d":"204.39"},{"v":613.179,"d":"613.18"}]
["73. PAPER, ruled pad,216mmx330mm, 90 sheets/pad","pad",6,null,5,3,null,null,11,null,null,3,5,null,33,{"v":1.05,"d":"1.050"},19.55,{"v":20.5275,"d":"20.53"},{"v":677.4075,"d":"677.41"}]
["74. PAPER, thermal,210mmx30M, 1/2\" core","roll",{"$nulls":12},0,{"v":1.05,"d":"1.050"},36.09,{"v":37.89450000000001,"d":"37.89"},0]
["75. PAPER, thermal, 216mmx30M, 1/2\" core","roll",3,4,null,3,4,null,7,null,null,7,null,null,28,{"v":1.05,"d":"1.050"},36.09,{"v":37.89450000000001,"d":"37.89"},{"v":1061.0460000000003,"d":"1,061.05"}]
["76. PAPER,multicopy, 210mm x 297mm(A4), 80gsm","ream",17,5,21,17,5,9,29,5,11,15,17,9,160,{"v":1.05,"d":"1.050"},118.08,{"v":123.98400000000001,"d":"123.98"},{"v":19837.440000000002,"d":"19,837.44"}]
["77. PARCHMENT PAPER, A4 size, 80 gsm,100sheets/pack","ream",{"$nulls":12},0,{"v":1.05,"d":"1.050"},{"v":161.2,"d":"161.20"},169.26,0]
["78.PAPER FASTENER, for paper, metal, 50 sets/box","box",10,null,5,6,null,5,null,null,5,4,null,5,40,{"v":1.05,"d":"1.050"},82.04,{"v":86.14200000000001,"d":"86.14"},{"v":3445.6800000000003,"d":"3,445.68"}]
["79. PAPER CLIP, gem type,jumbo, 48mm, 100s/box","box",21,3,8,17,3,8,21,3,8,17,3,8,120,{"v":1.05,"d":"1.050"},14.04,{"v":14.741999999999999,"d":"14.74"},{"v":1769.04,"d":"1,769.04"}]
["80. PAPER CLIP, gem type, 32mm, 100s/box","box",14,3,7,13,3,7,14,3,7,10,null,4,85,{"v":1.05,"d":"1.050"},{"v":7.8,"d":"7.80"},8.19,696.15]
["81. PENCIL, lead, w/eraser, 0ne(1) dozen per box","box",3,{"$nulls":5},1,{"$nulls":5},4,{"v":1.05,"d":"1.050"},20.53,{"v":21.556500000000003,"d":"21.56"},{"v":86.22600000000001,"d":"86.23"}]
["82. PENCIL, mechanical, for 0.5mm lead","piece",{"$nulls":12},0,{"v":1.05,"d":"1.050"},18.72,{"v":19.656,"d":"19.66"},0]
["83. PUSH PIN, flat head type, assorted colors, 100s/case","case",4,null,3,null,null,1,null,null,1,4,null,1,14,{"v":1.05,"d":"1.050"},37.44,{"v":39.312,"d":"39.31"},{"v":550.3679999999999,"d":"550.37"}]
["84. RECORD BOOK, 300 pages, smythe sewn","book",14,null,2,null,2,null,6,2,null,1,null,null,27,{"v":1.05,"d":"1.050"},{"v":57.2,"d":"57.20"},60.06,{"v":1621.6200000000001,"d":"1,621.62"}]
["85. RECORD BOOK, 500 pages, smythe sewn","book",7,null,2,null,2,1,3,2,null,1,null,null,18,{"v":1.05,"d":"1.050"},{"v":88.4,"d":"88.40"},{"v":92.82000000000001,"d":"92.82"},{"v":1670.7600000000002,"d":"1,670.76"}]
["86. RIBBON, nylon, manual typewriter","spool",3,2,7,2,3,5,4,2,5,2,3,5,43,{"v":1.05,"d":"1.050"},14.54,{"v":15.267,"d":"15.27"},{"v":656.481,"d":"656.48"}]
["87. RIBBON CARTRIDGE, fabric, Iwata E2A time recorder","piece",{"$nulls":12},0,{"v":1.05,"d":"1.050"},{"v":468,"d":"468.00"},{"v":491.40000000000003,"d":"491.40"},0]
["88. RING BINDER, 6mm x 1.12m,  plastic, 10 pcs/bundle","bundle",{"$nulls":12},0,{"v":1.05,"d":"1.050"},33.27,{"v":34.9335,"d":"34.93"},0]
["89. RING BINDER, 8mm x 1.12m,  plastic, 10 pcs/bundle","bundle",{"$nulls":12},0,{"v":1.05,"d":"1.050"},36.39,{"v":38.209500000000006,"d":"38.21"},0]
["90. RING BINDER, 10mm x 1.12m,  plastic, 10 pcs/bundle","bundle",{"$nulls":12},0,{"v":1.05,"d":"1.050"},44.19,{"v":46.399499999999996,"d":"46.40"},0]
["91. RING BINDER, 11mm x 1.12m,  plastic, 10 pcs/bundle","bundle",{"$nulls":12},0,{"v":1.05,"d":"1.050"},54.59,{"v":57.319500000000005,"d":"57.32"},0]
["92. RING BINDER, 12.7mm x 1.12m (1/2\"x44\"), plastic","piece",{"$nulls":12},0,{"v":1.05,"d":"1.050"},4.52,{"v":4.7459999999999996,"d":"4.75"},0]
["93. RING BINDER, 14mm x 1.12m,  plastic, 10 pcs/bundle","bundle",{"$nulls":12},0,{"v":1.05,"d":"1.050"},74.35,{"v":78.0675,"d":"78.07"},0]
["94. RING BINDER, 16mm x 1.12m,  plastic, 10 pcs/bundle","bundle",{"$nulls":12},0,{"v":1.05,"d":"1.050"},98.79,{"v":103.72950000000002,"d":"103.73"},0]
["95. RING BINDER, 19mm x 1.12m(3/4\"x44\"), plastic","piece",{"$nulls":12},0,{"v":1.05,"d":"1.050"},11.39,{"v":11.9595,"d":"11.96"},0]
["96. RING BINDER, 22mm x 1.12m, plastic, 10 pcs/bundle","bundle",{"$nulls":12},0,{"v":1.05,"d":"1.050"},148.19,{"v":155.5995,"d":"155.60"},0]
["97. RING BINDER, 25mm x 1.12m (1\"x44\"), plastic","piece",{"$nulls":12},0,{"v":1.05,"d":"1.050"},12.22,{"v":12.831000000000001,"d":"12.83"},0]
["98. RING BINDER, 28mm x 1.12m,  plastic, 10 pcs/bundle","piece",{"$nulls":12},0,{"v":1.05,"d":"1.050"},227.23,{"v":238.5915,"d":"238.59"},0]
["99. RING BINDER, 32mm x 1.12m,  plastic, 10 pcs/bundle","piece",{"$nulls":12},0,{"v":1.05,"d":"1.050"},256.87,{"v":269.7135,"d":"269.71"},0]
["100. RING BINDER, 50mm x 1.12m(2\" x 44\"), plastic","piece",{"$nulls":12},0,{"v":1.05,"d":"1.050"},29.12,{"v":30.576000000000004,"d":"30.58"},0]
["101. RUBBER BAND, 1.0mm min thickness, min. 350grams/box or approx 220pcs","box",3,null,2,null,null,4,null,null,1,null,null,1,11,{"v":1.05,"d":"1.050"},132.68,{"v":139.31400000000002,"d":"139.31"},{"v":1532.4540000000002,"d":"1,532.45"}]
["102. RULER, plastic, 300mm","piece",{"$nulls":12},0,{"v":1.05,"d":"1.050"},3.64,{"v":3.8220000000000005,"d":"3.82"},0]
["103. RULER, plastic, 450mm","piece",{"$nulls":12},0,{"v":1.05,"d":"1.050"},{"v":36.4,"d":"36.40"},38.22,0]
["104. SIGN PEN, black","piece",25,6,2,10,6,21,10,6,2,10,6,6,110,{"v":1.05,"d":"1.050"},43.14,{"v":45.297000000000004,"d":"45.30"},{"v":4982.67,"d":"4,982.67"}]
["105. SIGN PEN,  blue","piece",25,6,null,null,6,21,10,6,null,10,6,6,96,{"v":1.05,"d":"1.050"},43.14,{"v":45.297000000000004,"d":"45.30"},{"v":4348.512000000001,"d":"4,348.51"}]
["106. SIGN PEN, red","piece",21,{"$nulls":4},21,{"$nulls":5},6,48,{"v":1.05,"d":"1.050"},43.14,{"v":45.297000000000004,"d":"45.30"},{"v":2174.2560000000003,"d":"2,174.26"}]
["107. STAMP PAD INK, violet, 50mL","bottle",7,null,1,null,null,2,4,{"$nulls":4},1,15,{"v":1.05,"d":"1.050"},21.84,{"v":22.932000000000002,"d":"22.93"},343.98]
["108. STAMP PAD, felt pad, min 60mm x 100mm ","piece",2,null,2,{"$nulls":9},4,{"v":1.05,"d":"1.050"},24.96,{"v":26.208000000000002,"d":"26.21"},{"v":104.83200000000001,"d":"104.83"}]
["109. STAPLE WIRE, standard, #35","box",13,4,14,12,2,2,14,2,5,12,null,null,80,{"v":1.05,"d":"1.050"},23.59,{"v":24.7695,"d":"24.77"},{"v":1981.56,"d":"1,981.56"}]
["110. STENCIL PAPER, ordinary, universal, 24 pcs/quire","quire",4,{"$nulls":11},4,{"v":1.05,"d":"1.050"},{"v":182,"d":"182.00"},{"v":191.1,"d":"191.10"},{"v":764.4,"d":"764.40"}]
["111. TAPE, adding machine, GSP bond","roll",{"$nulls":12},0,{"v":1.05,"d":"1.050"},7.76,{"v":8.148,"d":"8.15"},0]
["112. TAPE, masking, 24mm, 50 meters length","roll",3,5,10,3,4,5,8,2,8,5,2,5,60,{"v":1.05,"d":"1.050"},45.76,{"v":48.048,"d":"48.05"},{"v":2882.88,"d":"2,882.88"}]
["113.  TAPE, masking, 48mm, 50 meters length","roll",3,3,8,1,5,null,6,null,4,1,2,null,33,{"v":1.05,"d":"1.050"},91.31,{"v":95.8755,"d":"95.88"},{"v":3163.8915,"d":"3,163.89"}]
["114. TAPE, transparent, 24mm, 50 meters","roll",3,4,11,2,4,3,7,2,11,2,2,3,54,{"v":1.05,"d":"1.050"},14.56,{"v":15.288000000000002,"d":"15.29"},{"v":825.5520000000001,"d":"825.55"}]
["115. TAPE, transparent, 48mm, 50 meters","roll",1,{"$nulls":5},1,{"$nulls":5},2,{"v":1.05,"d":"1.050"},30.11,{"v":31.6155,"d":"31.62"},{"v":63.231,"d":"63.23"}]
["116. TAPE, packaging, 48mm, 50 meters length","roll",2,4,11,2,4,4,2,4,5,2,2,4,46,{"v":1.05,"d":"1.050"},30.11,{"v":31.6155,"d":"31.62"},{"v":1454.313,"d":"1,454.31"}]
["117. TIME CARD, for Amano Bundy Clock,100s/bndl","bundle",null,null,5,{"$nulls":9},5,{"v":1.05,"d":"1.050"},82.68,{"v":86.81400000000001,"d":"86.81"},{"v":434.07000000000005,"d":"434.07"}]
["118. TIME CARD, for Kitano Time Recorder,100s/bndl","bundle",{"$nulls":12},0,{"v":1.05,"d":"1.050"},{"v":83.2,"d":"83.20"},{"v":87.36000000000001,"d":"87.36"},0]
["119. TOILET TISSUE, 12 rolls/pack","pack",7,3,4,7,3,4,7,1,4,7,1,4,52,{"v":1.05,"d":"1.050"},{"v":72.8,"d":"72.80"},76.44,{"v":3974.88,"d":"3,974.88"}]
["120. TWINE, plastic, one kilo per roll","roll",1,null,1,{"$nulls":9},2,{"v":1.05,"d":"1.050"},45.64,{"v":47.922000000000004,"d":"47.92"},{"v":95.84400000000001,"d":"95.84"}]
["121. WRAPPING PAPER, kraft, 65gsm, approx. 40m","roll",{"$nulls":12},0,{"v":1.05,"d":"1.050"},{"v":145.6,"d":"145.60"},152.88,0]
[{"$nulls":15},{"v":1.05,"d":"1.050"}]
[{"$nulls":15},{"v":1.05,"d":"1.050"}]
["COMMON OFFICE DEVICES",{"$nulls":14},{"v":1.05,"d":"1.050"}]
["1. BLADE, heavy duty cutter(L500), 10 pcs./pack","pack",3,6,5,1,1,1,1,2,5,1,1,1,28,{"v":1.05,"d":"1.050"},9.36,{"v":9.828,"d":"9.83"},{"v":275.18399999999997,"d":"275.18"}]
["2. CUTTER, heavy duty ","piece",1,1,3,1,1,1,1,1,3,1,null,null,14,{"v":1.05,"d":"1.050"},27.98,{"v":29.379,"d":"29.38"},{"v":411.30600000000004,"d":"411.31"}]
["3. PUNCHER, heavy duty","piece",2,null,1,null,null,1,{"$nulls":6},4,{"v":1.05,"d":"1.050"},{"v":98.8,"d":"98.80"},103.74,414.96]
["4. SCISSORS, (6\")","pair",2,2,1,1,1,1,1,1,1,1,1,1,14,{"v":1.05,"d":"1.050"},17.35,{"v":18.2175,"d":"18.22"},{"v":255.04500000000002,"d":"255.05"}]
["5. SHARPENER, single cutterhead","piece",1,{"$nulls":4},1,{"$nulls":6},2,{"v":1.05,"d":"1.050"},{"v":171.6,"d":"171.60"},180.18,360.36]
["6. STAMPING DATER, self-inking stamp","piece",{"$nulls":12},0,{"v":1.05,"d":"1.050"},{"v":442,"d":"442.00"},{"v":464.1,"d":"464.10"},0]
["7. STAPLER, heavy duty, standard","piece",3,1,1,null,null,2,{"$nulls":6},7,{"v":1.05,"d":"1.050"},144.23,{"v":151.4415,"d":"151.44"},{"v":1060.0905,"d":"1,060.09"}]
["8. STAPLE REMOVER, twin jaws","piece",1,2,1,1,1,1,1,1,1,1,1,1,13,{"v":1.05,"d":"1.050"},16.52,{"v":17.346,"d":"17.35"},{"v":225.498,"d":"225.50"}]
["9. TAPE DISPENSER, heavy duty, for 24mm(1\")","piece",null,null,1,{"$nulls":9},1,{"v":1.05,"d":"1.050"},{"v":52,"d":"52.00"},{"v":54.6,"d":"54.60"},{"v":54.6,"d":"54.60"}]
["10. TAPE DISPENSER,  handheld, for 48mm width packaging tape","piece",null,1,1,{"$nulls":9},2,{"v":1.05,"d":"1.050"},40.23,{"v":42.2415,"d":"42.24"}]
["11. WASTE BASKET, plastic","piece",{"$nulls":12},0,{"v":1.05,"d":"1.050"},{"v":26,"d":"26.00"},{"v":27.3,"d":"27.30"},0]
[{"$nulls":15},{"v":1.05,"d":"1.050"}]
[{"$nulls":15},{"v":1.05,"d":"1.050"}]
["COMMON JANITORIAL SUPPLIES",{"$nulls":14},{"v":1.05,"d":"1.050"}]
["1. BATHROOM SOAP, 70gms.","piece",11,3,4,7,3,4,11,3,8,3,null,4,61,{"v":1.05,"d":"1.050"},19.76,{"v":20.748,"d":"20.75"},{"v":1265.6280000000002,"d":"1,265.63"}]
["2. BROOM, soft (tambo)","piece",6,{"$nulls":5},6,{"$nulls":5},12,{"v":1.05,"d":"1.050"},{"v":119.6,"d":"119.60"},125.58,{"v":1506.96,"d":"1,506.96"}]
["3. BROOM, STICK (tingting)","piece",4,{"$nulls":8},4,null,null,8,{"v":1.05,"d":"1.050"},17.68,{"v":18.564,"d":"18.56"},{"v":148.512,"d":"148.51"}]
[]
["4. CLEANSER, powder, 350gms.","canister",2,null,2,null,2,null,2,null,2,null,2,null,12,{"v":1.05,"d":"1.050"},15.91,{"v":16.7055,"d":"16.71"},{"v":200.466,"d":"200.47"}]
["5. DETERGENT POWDER, all purpose, 500gms.","pouch",null,null,5,null,null,5,null,null,5,null,null,5,20,{"v":1.05,"d":"1.050"},22.88,{"v":24.024,"d":"24.02"},480.48]
["6. DETERGENT BAR, min 392 grams net mass, four(4) pcs per bar","bar",2,null,3,null,2,1,2,null,3,null,2,1,16,{"v":1.05,"d":"1.050"},{"v":18.2,"d":"18.20"},19.11,305.76]
["7. DISINFECTANT SPRAY, 400 grams net content","can",2,null,2,null,null,4,null,null,2,null,null,2,12,{"v":1.05,"d":"1.050"},152.88,{"v":160.524,"d":"160.52"},{"v":1926.288,"d":"1,926.29"}]
["8. DUST PAN, non-rigid plastic, with detachable handle","piece",2,null,null,2,null,null,2,null,null,2,null,null,8,{"v":1.05,"d":"1.050"},33.28,{"v":34.944,"d":"34.94"},{"v":279.552,"d":"279.55"}]
["9. FLOOR WAX, paste, natural, 2kgs.","can",{"$nulls":12},0,{"v":1.05,"d":"1.050"},{"v":306.8,"d":"306.80"},{"v":322.14000000000004,"d":"322.14"},0]
["10. FLOOR WAX, paste, red, 2kgs.","can",{"$nulls":12},0,{"v":1.05,"d":"1.050"},{"v":312,"d":"312.00"},{"v":327.6,"d":"327.60"},0]
["11. FLOOR WAX, liquid type, 3.9L/ plastic container","container",1,{"$nulls":4},1,{"$nulls":6},2,{"v":1.05,"d":"1.050"},344.76,{"v":361.998,"d":"362.00"},{"v":723.996,"d":"724.00"}]
["12. FURNITURE CLEANER, 300mL/can min","can",2,null,null,2,{"$nulls":3},2,{"$nulls":4},6,{"v":1.05,"d":"1.050"},100.88,{"v":105.924,"d":"105.92"},{"v":635.5440000000001,"d":"635.54"}]
["13. INSECTICIDE, 600mL (420g) /can","can",{"$nulls":12},0,{"v":1.05,"d":"1.050"},{"v":114.4,"d":"114.40"},120.12,0]
["14. MOPHANDLE, screw type, wooden handle","piece",3,{"$nulls":4},3,null,null,3,{"$nulls":3},9,{"v":1.05,"d":"1.050"},{"v":88.4,"d":"88.40"},{"v":92.82000000000001,"d":"92.82"},{"v":835.3800000000001,"d":"835.38"}]
["15. MOPHEAD, 100% rayon, 400g","piece",3,null,null,3,null,3,null,null,3,{"$nulls":3},12,{"v":1.05,"d":"1.050"},{"v":78,"d":"78.00"},{"v":81.9,"d":"81.90"},{"v":982.8000000000001,"d":"982.80"}]
["16. RAG, COTTON, (7\") in diameter","kilo",3,{"$nulls":3},3,null,null,3,{"$nulls":4},9,{"v":1.05,"d":"1.050"},{"v":46.8,"d":"46.80"},49.14,442.26]
["17. SCOURING PAD, economy size","pack",{"$nulls":12},0,{"v":1.05,"d":"1.050"},{"v":135.2,"d":"135.20"},141.96,0]
["18. TOILET BOWL & URINAL  CLEANER, 900ml","bottle",12,{"$nulls":4},12,{"$nulls":6},24,{"v":1.05,"d":"1.050"},{"v":67.6,"d":"67.60"},70.98,{"v":1703.52,"d":"1,703.52"}]
["19. TOILET DEODORANT CAKE, 99% paradichlorobenzene, 50gms, 3 pcs/pack","box",6,{"$nulls":4},6,{"$nulls":6},12,{"v":1.05,"d":"1.050"},29.12,{"v":30.576000000000004,"d":"30.58"},{"v":366.91200000000003,"d":"366.91"}]
["20. TRASHBAG, plastic, black, (XL), 10 pcs per pack per roll","roll",6,null,6,null,null,6,null,null,6,null,6,null,30,{"v":1.05,"d":"1.050"},143.52,{"v":150.69600000000003,"d":"150.70"},{"v":4520.880000000001,"d":"4,520.88"}]
[{"$nulls":15},{"v":1.05,"d":"1.050"}]
[{"$nulls":15},{"v":1.05,"d":"1.050"}]
["LEGAL SIZE PAPER",{"$nulls":14},{"v":1.05,"d":"1.050"}]
["1. PAPER, bond, Premium Grade","ream",{"$nulls":12},0,{"v":1.05,"d":"1.050"},114.09,{"v":119.79450000000001,"d":"119.79"},0]
["2. PAPER, mimeo, Groundwood","ream",11,null,null,1,null,null,11,null,null,1,null,null,24,{"v":1.05,"d":"1.050"},77.53,{"v":81.40650000000001,"d":"81.41"},{"v":1953.7560000000003,"d":"1,953.76"}]
["4. PAPER, for PPC","ream",{"$nulls":12},0,{"v":1.05,"d":"1.050"},{"v":114.3,"d":"114.30"},{"v":120.015,"d":"120.02"},0]
["5. PAPER, multicopy, legal, for laser printing","ream",8,null,12,7,null,18,6,null,20,3,null,10,84,{"v":1.05,"d":"1.050"},144.04,{"v":151.242,"d":"151.24"},{"v":12704.328,"d":"12,704.33"}]
[{"$nulls":15},{"v":1.05,"d":"1.050"}]
[{"$nulls":15},{"v":1.05,"d":"1.050"}]
["COMMON OFFICE EQUIPMENT",{"$nulls":14},{"v":1.05,"d":"1.050"}]
["1.  AIRPOT, 4.0 liters, w/ dispenser","unit",{"$nulls":12},0,{"v":1.05,"d":"1.050"},{"v":1331.2,"d":"1,331.20"},{"v":1397.7600000000002,"d":"1,397.76"},0]
["2.  CALCULATOR, desktop, heavy duty printing,  12 digits, two(2) color print/illuminated display, AC power source, Canon","unit",{"$nulls":12},0,{"v":1.05,"d":"1.050"},{"v":1872,"d":"1,872.00"},{"v":1965.6000000000001,"d":"1,965.60"},0]
["3.  CALCULATOR, desktop, mini-printer type,12 digits, AC/DC power source, with ink roller & adaptor","unit",{"$nulls":12},0,{"v":1.05,"d":"1.050"},881.92,{"v":926.016,"d":"926.02"},0]
["4.  CALCULATOR, scientific, 10 digits, dot, matrix display, programmable, with case","unit",{"$nulls":12},0,{"v":1.05,"d":"1.050"},394.16,{"v":413.86800000000005,"d":"413.87"},0]
["5.  CALCULATOR, compact, electronic, LCD, desktop, display, 12 digits, two-way power source","unit",{"$nulls":12},0,{"v":1.05,"d":"1.050"},155.88,{"v":163.674,"d":"163.67"},0]
["6. CHAIR, monobloc, without armrest,beige/white","unit",{"$nulls":12},0,{"v":1.05,"d":"1.050"},{"v":249.6,"d":"249.60"},262.08,0]
["7. DIGITAL VOICE RECORDER, 4GB, memory, stereo channel, MP3, WMA, recording and playback format, with earphone jack, built-in microphone, with USB cable, rechargeable batteries, instructional manual, carrying pouch, hand strap, earphone ","unit",null,1,{"$nulls":10},1,{"v":1.05,"d":"1.050"},{"v":9339.2,"d":"9,339.20"},{"v":9806.160000000002,"d":"9,806.16"},{"v":9806.160000000002,"d":"9,806.16"}]
["8. DOCUMENT CAMERA, w/ DVI port, four (4), reference points demarcate viewing area, 8 times, (800%) consecutive zoom, PC and Doc Cam VS","unit",{"$nulls":12},0,{"v":1.05,"d":"1.050"},{"v":19552,"d":"19,552.00"},{"v":20529.600000000002,"d":"20,529.60"},0]
["9.   ELECTRIC FAN, orbit type","unit",{"$nulls":12},0,{"v":1.05,"d":"1.050"},{"v":1404,"d":"1,404.00"},{"v":1474.2,"d":"1,474.20"},0]
["10.  ELECTRIC FAN, with stand","unit",{"$nulls":12},0,{"v":1.05,"d":"1.050"},{"v":1071.2,"d":"1,071.20"},{"v":1124.76,"d":"1,124.76"},0]
["11.  ELECTRIC FAN, wall type","unit",null,null,2,{"$nulls":9},2,{"v":1.05,"d":"1.050"},{"v":1029.6,"d":"1,029.60"},{"v":1081.08,"d":"1,081.08"},{"v":2162.16,"d":"2,162.16"}]
["12.  INDUSTRIAL FAN, 18\" metal blade","unit",{"$nulls":12},0,{"v":1.05,"d":"1.050"},{"v":1092,"d":"1,092.00"},{"v":1146.6000000000001,"d":"1,146.60"},0]
["13.  FACSIMILE TRANSCEIVER, uses thermal paper, 50m/roll, for documents 216mm x 600mm, 15 sec, transmission speed, running width 208mm, document feeder holds 10 pages, with automatic, paper cutter, redial, and fax/tel switchover","unit",{"$nulls":12},0,{"v":1.05,"d":"1.050"},{"v":3818.16,"d":"3,818.16"},{"v":4009.068,"d":"4,009.07"},0]
["14.  FIRE EXTINGUISHER, dry chemical, for ABC class, of fire, squeeze type,non-electrical conductor,non-toxic, non-corrosive, 4.5kg (10lbs.), brand new","unit",null,null,3,{"$nulls":9},3,{"v":1.05,"d":"1.050"},{"v":1037.92,"d":"1,037.92"},{"v":1089.816,"d":"1,089.82"},{"v":3269.4480000000003,"d":"3,269.45"}]
["15.  FIRE EXTINGUISHER, pure HCFC 123, with fire,     rating of 1A, 1BC for ABC class of fire, squeeze type,     non-electrical conductor, 4.5kg (10 lbs), brand new","unit",{"$nulls":12},0,{"v":1.05,"d":"1.050"},{"v":3710.72,"d":"3,710.72"},{"v":3896.256,"d":"3,896.26"},0]
["16. MULTIMEDIA PROJECTOR, 2000 ansi Lumens, 2000 hours lamp life, supports SVGA to SXGA, (compressed) resolution","unit",{"$nulls":12},0,{"v":1.05,"d":"1.050"},{"v":22848.8,"d":"22,848.80"},{"v":23991.24,"d":"23,991.24"},0]
["17.  PAPER TRIMMER/CUTTING MACHINE, 350MM cutting size, 30 sheets cutting cap., automatic clamping, stationery blade guard, A4-A6 format indications","unit",{"$nulls":12},0,{"v":1.05,"d":"1.050"},{"v":8838.96,"d":"8,838.96"},{"v":9280.908,"d":"9,280.91"},0]
["18.  PAPER SHREDDER, 220mm feed opening, 4mm shred width, 0.06m/sec shred speed, 6-8 sheets performance, approx 5kg in weight","unit",{"$nulls":12},0,{"v":1.05,"d":"1.050"},{"v":5821.92,"d":"5,821.92"},{"v":6113.0160000000005,"d":"6,113.02"},0]
["19.  PRINTER, automatic data processing, impact, dot matrix, 9-pins, 136 columns, complete w/ ribbons, cables and manual","unit",{"$nulls":12},0,{"v":1.05,"d":"1.050"},{"v":16640,"d":"16,640.00"},{"v":17472,"d":"17,472.00"},0]
["20.  PRINTER, impact dot matrix, 9-pin, 80 columns, with ribbon, cables and manual, ribbons, cables and manual, LX-300+ II","unit",{"$nulls":12},0,{"v":1.05,"d":"1.050"},{"v":6197.03,"d":"6,197.03"},{"v":6506.8815,"d":"6,506.88"},0]
["21.  PRINTER, laser, 20ppm printing speed, 1200 x 1200 dpi, with power cord, interface cable, software drivers and complete documentation","unit",{"$nulls":12},0,{"v":1.05,"d":"1.050"},{"v":3738.8,"d":"3,738.80"},{"v":3925.7400000000002,"d":"3,925.74"},0]
["22. PRINTER, impact dot matrix, 24-pins, 136 columns, 465 cps print speed, parallel or USB interface, manual/tractor feeder paper handling, 220VAC/60Hz, with power cable, data cable, software driver (if any), manual and ribbon cartridge","unit",{"$nulls":12},0,{"v":1.05,"d":"1.050"},{"v":30992,"d":"30,992.00"},{"v":32541.600000000002,"d":"32,541.60"},0]
["23.  PUNCHING/BINDING MACHINE, two(2) hand lever system, 34cm or 13\" (24 holes) punching, width adjustable to any format, binds 425 sheets, or up to 2\" thick, all metal construction","unit",{"$nulls":12},0,{"v":1.05,"d":"1.050"},{"v":10398.96,"d":"10,398.96"},{"v":10918.908,"d":"10,918.91"},0]
["24. TABLE, monobloc, square, 36\" X 36\", white, four(4) seater, for indoor and outdoor use","unit",{"$nulls":12},0,{"v":1.05,"d":"1.050"},{"v":1232.4,"d":"1,232.40"},{"v":1294.0200000000002,"d":"1,294.02"}]
["24.  TIME RECORDER, (for attendance), electronic, stylish/compact design, large, display, 2-color ribbon, with dot matrix printer, bell and buzzer, wall or desk mount, 220 volts","unit",{"$nulls":12},0,{"v":1.05,"d":"1.050"},{"v":4585.15,"d":"4,585.15"},{"v":4814.4075,"d":"4,814.41"},0]
[{"$nulls":15},{"v":1.05,"d":"1.050"}]
["HANDBOOKS ON PROCUREMENT",{"$nulls":14},{"v":1.05,"d":"1.050"}]
["HANDBOOK ON PUBLIC BIDDING DOCUMENTS,",{"$nulls":14},{"v":1.05,"d":"1.050"}]
["8-1/2\" x 11\", offset printing, one color print, laminated ",{"$nulls":14},{"v":1.05,"d":"1.050"}]
["kromcote cover, newsprint inside pages, perfect binding for:",{"$nulls":14},{"v":1.05,"d":"1.050"}]
["a.  Procurement of Goods & Services, 110-115 pages","piece",{"$nulls":12},0,{"v":1.05,"d":"1.050"},32.24,{"v":33.852000000000004,"d":"33.85"},0]
["b.  Procurement of Civil Works, 139-149 pages","piece",{"$nulls":12},0,{"v":1.05,"d":"1.050"},37.65,{"v":39.5325,"d":"39.53"},0]
["c.  Procurement of Consulting Services, 139-149 pages","piece",{"$nulls":12},0,{"v":1.05,"d":"1.050"},22.36,{"v":23.478,"d":"23.48"},0]
["d.  Sample Forms, 8-1/4\" x 11-3/4\", 328 pages","piece",{"$nulls":12},0,{"v":1.05,"d":"1.050"},{"v":88.4,"d":"88.40"},{"v":92.82000000000001,"d":"92.82"},0]
["e. for LGUs","piece",{"$nulls":13},{"v":1.05,"d":"1.050"},113.36,{"v":119.028,"d":"119.03"}]
["      HANDBOOK ON PHILIPPINE GOVERNMENT   PROCUREMENT(5th Edition),  6\" x 9\", 228 pages,","piece",{"$nulls":12},0,{"v":1.05,"d":"1.050"},39.52,{"v":41.496,"d":"41.50"},0]
["      HANDBOOK ON PUBLIC BIDDING CHECKLIST,    6\" x 9\", 70 pages","piece",{"$nulls":12},0,{"v":1.05,"d":"1.050"},13.52,{"v":14.196,"d":"14.20"},0]
["      HANDBOOK ON GENERIC PROCUREMENT ","set",{"$nulls":12},0,{"v":1.05,"d":"1.050"},{"v":130,"d":"130.00"},{"v":136.5,"d":"136.50"},0]
["      MANUAL (GPM), A-4 size(210mm x 297mm),",{"$nulls":17},0]
["      foldcote 12 w/ plastic lamination, one(1) set of four",{"$nulls":17},0]
["     (4) volumes as follows:",{"$nulls":17},0]
["      Volume I (103 pages) - white color",{"$nulls":17},0]
["      Volume II (138 pages) - light blue color",{"$nulls":17},0]
["      Volume III (124 pages) - light yellow color",{"$nulls":17},0]
["      Volume IV (118 pages) - light green color",{"$nulls":17},0]
[]
[]
["B. OTHER ITEMS NOT AVAILABLE AT PS BUT REGULARLY PURCHASED FROM OTHER SOURCES (Note: Please indicate price of items) "]
["Office Equipment and Accessories "]
["1 Book Binder","piece",null,1,{"$nulls":10},1,null,null,{"v":9995,"d":"9,995.00"},{"v":9995,"d":"9,995.00"}]
["2 Digital Camera","piece",null,1,{"$nulls":10},1,null,null,{"v":9998,"d":"9,998.00"},{"v":9998,"d":"9,998.00"}]
["3 Check Writer","piece",null,1,{"$nulls":10},1,null,null,{"v":9900,"d":"9,900.00"},{"v":9900,"d":"9,900.00"}]
["4 Weighing Scale","piece",1,{"$nulls":11},1,null,null,{"v":900,"d":"900.00"},{"v":900,"d":"900.00"}]
["5 LCD Projector (C.O.)","piece",null,null,1,{"$nulls":9},1,null,null,{"v":36000,"d":"36,000.00"},{"v":36000,"d":"36,000.00"}]
["6 Digital Compact Camera (C.O.)","piece",null,null,4,{"$nulls":9},4,null,null,{"v":20250,"d":"20,250.00"},{"v":81000,"d":"81,000.00"}]
["7",{"$nulls":13},0,{"$nulls":3},0]
["8",{"$nulls":13},0,{"$nulls":3},0]
["9",{"$nulls":13},0,{"$nulls":3},0]
["10",{"$nulls":13},0,{"$nulls":3},0]
["Office Supplies (1)"]
["1 Toner, Photocopier","tube",1,null,null,1,null,null,1,null,null,1,null,null,4,null,null,{"v":4100,"d":"4,100.00"},{"v":16400,"d":"16,400.00"}]
["2 Ballpen, Black","piece",24,null,12,null,12,4,null,null,24,12,null,null,88,null,null,{"v":5,"d":"5.00"},{"v":440,"d":"440.00"}]
["3 Ballpen, Blue","piece",22,{"$nulls":3},12,10,null,null,22,12,null,null,78,null,null,{"v":5,"d":"5.00"},{"v":390,"d":"390.00"}]
["4 Ballpen, Red","piece",null,null,2,null,null,2,null,null,2,null,2,null,8,null,null,{"v":5,"d":"5.00"},{"v":40,"d":"40.00"}]
["5 Ballpen, Green","piece",{"$nulls":12},0,null,null,{"v":5,"d":"5.00"},0]
["6 Engineer's Fieldbook","piece",12,{"$nulls":3},6,{"$nulls":4},6,null,null,24,null,null,{"v":38.5,"d":"38.50"},{"v":924,"d":"924.00"}]
["7 Magic Tape 1\"","roll",2,{"$nulls":3},2,{"$nulls":4},2,null,null,6,null,null,{"v":165,"d":"165.00"},{"v":990,"d":"990.00"}]
["8 Colored, Pencil 24's, steadler","box",null,1,{"$nulls":10},1,null,null,{"v":266,"d":"266.00"},{"v":266,"d":"266.00"}]
["9 Paper, Bond, A3","ream",1,null,1,null,null,1,{"$nulls":6},3,null,null,{"v":325,"d":"325.00"},{"v":975,"d":"975.00"}]
["10 Book Binder Rolls","roll",null,2,{"$nulls":10},2,null,null,{"v":500,"d":"500.00"},{"v":1000,"d":"1,000.00"}]
["11 Paper, Bond, Short S20","ream",3,10,null,3,5,null,3,5,null,13,null,null,42,null,null,{"v":140,"d":"140.00"},{"v":5880,"d":"5,880.00"}]
["12 Specialty Paper, Board (200gsm)","packs",2,null,null,2,null,null,2,null,null,2,null,null,8,null,null,{"v":80,"d":"80.00"},{"v":640,"d":"640.00"}]
["13 Correction Pen","piece",2,6,4,1,7,null,2,6,4,7,1,null,40,null,null,{"v":25,"d":"25.00"},{"v":1000,"d":"1,000.00"}]
["14 Envelop. Brown, Long","piece",12,100,null,12,100,null,12,100,null,112,null,null,448,null,null,1.75,{"v":784,"d":"784.00"}]
["15 Folder, Expanding, Long, 100pcs/box","box",1,null,1,{"$nulls":3},1,{"$nulls":5},3,null,null,{"v":708.4,"d":"708.40"},{"v":2125.2,"d":"2,125.20"}]
["16 Paper, Mimeo, Short","ream",1,null,null,1,null,null,1,null,null,1,null,null,4,null,null,{"v":96,"d":"96.00"},{"v":384,"d":"384.00"}]
["17 Puncher, 3 Holes","piece",1,{"$nulls":11},1,null,null,{"v":300,"d":"300.00"},{"v":300,"d":"300.00"}]
["18 Sign Pen, mygel, 0.7, black","piece",6,{"$nulls":5},6,{"$nulls":5},12,null,null,{"v":18,"d":"18.00"},{"v":216,"d":"216.00"}]
["19 Sign Pen, mygel, 0.7, blue","piece",6,{"$nulls":5},6,{"$nulls":5},12,null,null,{"v":18,"d":"18.00"},{"v":216,"d":"216.00"}]
["20 Sign Pen, mygel, 0.7, red","piece",6,{"$nulls":5},6,{"$nulls":5},12,null,null,{"v":18,"d":"18.00"},{"v":216,"d":"216.00"}]
["21 Sign Pen, mygel, 0.5, black","piece",12,{"$nulls":5},12,{"$nulls":5},24,null,null,{"v":18,"d":"18.00"},{"v":432,"d":"432.00"}]
["22 Sign Pen, mygel, 0.5, blue","piece",12,{"$nulls":5},12,{"$nulls":5},24,null,null,{"v":18,"d":"18.00"},{"v":432,"d":"432.00"}]
["23 Sign Pen, mygel, 0.5, red","piece",12,{"$nulls":5},12,{"$nulls":5},24,null,null,{"v":18,"d":"18.00"},{"v":432,"d":"432.00"}]
["24 Stapel Wire Remover (Heavy Duty)","piece",1,{"$nulls":11},1,null,null,{"v":50,"d":"50.00"},{"v":50,"d":"50.00"}]
["25 Stapler Long Reach","piece",null,null,1,{"$nulls":9},1,null,null,{"v":300,"d":"300.00"},{"v":300,"d":"300.00"}]
["26. Official Receipts","pad",25,null,null,25,null,null,25,null,null,25,null,null,100,null,null,{"v":100,"d":"100.00"},{"v":10000,"d":"10,000.00"}]
["27. MDS Check- PVB","pad",null,10,{"$nulls":5},10,{"$nulls":4},20,null,null,{"v":300,"d":"300.00"},{"v":6000,"d":"6,000.00"}]
["28. MDS Check- LBP","pad",{"$nulls":3},2,{"$nulls":8},2,null,null,{"v":500,"d":"500.00"},{"v":1000,"d":"1,000.00"}]
["29. Carbon, Paper, Long","box",null,null,4,{"$nulls":6},4,null,null,8,null,null,{"v":392,"d":"392.00"},{"v":3136,"d":"3,136.00"}]
["30. Continous Paper, 3 ply 13 x 9 1/2","box",null,null,1,{"$nulls":9},1,null,null,{"v":760,"d":"760.00"},{"v":760,"d":"760.00"}]
["31. Envelop, Expanding, A4","piece",null,null,40,{"$nulls":3},30,{"$nulls":5},70,null,null,{"v":1.5,"d":"1.50"},{"v":105,"d":"105.00"}]
["32. Envelop, Brown, A4","piece",null,50,null,null,50,null,null,50,null,50,null,null,200,null,null,1.25,{"v":250,"d":"250.00"}]
["33. Stencil Ink, Black, Gestetner","tube",null,null,2,{"$nulls":5},2,{"$nulls":3},4,null,null,{"v":198,"d":"198.00"},{"v":792,"d":"792.00"}]
["35. General Ledger Card","piece",{"$nulls":3},500,{"$nulls":8},500,null,null,{"v":6,"d":"6.00"},{"v":3000,"d":"3,000.00"}]
["36. Supplies Ledger Card","piece",{"$nulls":3},500,{"$nulls":8},500,null,null,{"v":6,"d":"6.00"},{"v":3000,"d":"3,000.00"}]
["37. Driver's Trip Ticket","pad",{"$nulls":5},20,{"$nulls":6},20,null,null,{"v":217,"d":"217.00"},{"v":4340,"d":"4,340.00"}]
["38. Clever's Archives (Binder)","piece",2,{"$nulls":4},4,{"$nulls":6},6,null,null,{"v":219,"d":"219.00"},{"v":1314,"d":"1,314.00"}]
["39. Staple Wire # 10","box",4,null,null,4,null,null,4,null,4,{"$nulls":3},16,null,null,{"v":5,"d":"5.00"},{"v":80,"d":"80.00"}]
["40. Lead, Mechanical Pencil, 0.7","tube",{"$nulls":3},1,{"$nulls":8},1,null,null,{"v":30,"d":"30.00"},{"v":30,"d":"30.00"}]
["41. HP Matte Film","roll",null,null,1,{"$nulls":9},1,null,null,{"v":5292,"d":"5,292.00"},{"v":5292,"d":"5,292.00"}]
["42. HP Clear Film","roll",null,null,1,{"$nulls":9},1,null,null,{"v":5222,"d":"5,222.00"},{"v":5222,"d":"5,222.00"}]
["43. Delivery Receipts for Accredited Supplier & SAGIP","booklet",null,300,null,null,300,null,null,300,null,null,300,null,1200,null,null,{"v":35,"d":"35.00"},{"v":42000,"d":"42,000.00"}]
["44. Ring Binder, 3 Holes, \"13.5x11x3\"","piece",null,35,null,null,35,{"$nulls":7},70,null,null,{"v":190,"d":"190.00"},{"v":13300,"d":"13,300.00"}]
["45. Steel File Box \"13.5x11x3\"","piece",null,20,null,null,18,{"$nulls":7},38,null,null,{"v":200,"d":"200.00"},{"v":7600,"d":"7,600.00"}]
["46. Staple Wire #35-5M (Max)","box",2,null,null,2,null,null,2,null,null,2,null,null,8,null,null,{"v":48,"d":"48.00"},{"v":384,"d":"384.00"}]
[]
["FURNITURE AND FIXTURES/ LIGHTNING"]
["1 Steel Cabinet 4 drawers","piece",null,3,2,{"$nulls":6},1,null,null,6,null,null,{"v":5675,"d":"5,675.00"},{"v":34050,"d":"34,050.00"}]
["2 White Board 4x6","piece",1,{"$nulls":11},1,null,null,{"v":2660,"d":"2,660.00"},{"v":2660,"d":"2,660.00"}]
["3 Compact Flourescent, 23 watts","piece",null,null,6,null,null,6,null,null,6,null,6,null,24,null,null,{"v":190,"d":"190.00"},{"v":4560,"d":"4,560.00"}]
["4 Executive Office Table","piece",1,{"$nulls":11},1,null,null,{"v":6000,"d":"6,000.00"},{"v":6000,"d":"6,000.00"}]
["5 Executive Office Chair","piece",1,{"$nulls":11},1,null,null,{"v":3500,"d":"3,500.00"},{"v":3500,"d":"3,500.00"}]
["6 Office Chair","piece",3,{"$nulls":4},3,{"$nulls":6},6,null,null,{"v":1500,"d":"1,500.00"},{"v":9000,"d":"9,000.00"}]
["7 Side Chair","piece",2,{"$nulls":11},2,null,null,{"v":1000,"d":"1,000.00"},{"v":2000,"d":"2,000.00"}]
[{"$nulls":14},0,{"$nulls":3},0]
["Laboratory Supplies and Materials"]
["1 Ammonium Hydroxide","bottle",1,null,2,{"$nulls":3},3,{"$nulls":5},6,null,null,{"v":900,"d":"900.00"},{"v":5400,"d":"5,400.00"}]
["2 Barium Chloride","bottle",1,{"$nulls":11},1,null,null,{"v":1400,"d":"1,400.00"},{"v":1400,"d":"1,400.00"}]
["3 Hydrochloric Acid","bottle",3,null,3,{"$nulls":3},6,{"$nulls":5},12,null,null,{"v":900,"d":"900.00"},{"v":10800,"d":"10,800.00"}]
["4 Nitric Acid","bottle",null,2,{"$nulls":10},2,null,null,{"v":2800,"d":"2,800.00"},{"v":5600,"d":"5,600.00"}]
["5 Potassium Iodide","bottle",null,2,{"$nulls":10},2,null,null,{"v":3800,"d":"3,800.00"},{"v":7600,"d":"7,600.00"}]
["6 Silver Nitrate, 100grams/bottle","bottle",1,{"$nulls":11},1,null,null,{"v":5000,"d":"5,000.00"},{"v":5000,"d":"5,000.00"}]
["7 Sulfuric Acid","bottle",1,{"$nulls":6},2,{"$nulls":4},3,null,null,{"v":3000,"d":"3,000.00"},{"v":9000,"d":"9,000.00"}]
["8 Zinc Oxide","bottle",null,2,{"$nulls":7},2,null,null,4,null,null,{"v":2500,"d":"2,500.00"},{"v":10000,"d":"10,000.00"}]
["9 Bunsen Burners","bottle",null,2,{"$nulls":10},2,null,null,{"v":7500,"d":"7,500.00"},{"v":15000,"d":"15,000.00"}]
["10 Distilled Water, 5 gallon/container","bottle",12,{"$nulls":11},12,null,null,{"v":90,"d":"90.00"},{"v":1080,"d":"1,080.00"}]
["Laboratory Supplies and Materials"]
["11. Laboratory gown","piece",1,{"$nulls":11},1,null,null,{"v":400,"d":"400.00"},{"v":400,"d":"400.00"}]
["12. LPG, Big","tank",1,1,1,1,1,1,1,1,1,1,1,1,12,null,null,{"v":7500,"d":"7,500.00"},{"v":90000,"d":"90,000.00"}]
["13. Acetylene Gas","tank",1,{"$nulls":11},1,null,null,{"v":1800,"d":"1,800.00"},{"v":1800,"d":"1,800.00"}]
["14. AAS Standard Solutions","bottle",2,3,5,{"$nulls":9},10,null,null,{"v":1500,"d":"1,500.00"},{"v":15000,"d":"15,000.00"}]
["15. Calcein Indicator","bottle",{"$nulls":3},1,{"$nulls":8},1,null,null,{"v":5000,"d":"5,000.00"},{"v":5000,"d":"5,000.00"}]
["16. Litmus Paper","piece",{"$nulls":3},1,{"$nulls":8},1,null,null,{"v":1300,"d":"1,300.00"},{"v":1300,"d":"1,300.00"}]
["17. Ammonium Acetate","bottle",{"$nulls":3},1,{"$nulls":5},1,null,null,2,null,null,{"v":1300,"d":"1,300.00"},{"v":2600,"d":"2,600.00"}]
["18. Potassium Chromate","bottle",{"$nulls":3},1,{"$nulls":8},1,null,null,{"v":2500,"d":"2,500.00"},{"v":2500,"d":"2,500.00"}]
["19. Sodium Carbonate, anhydrous","bottle",{"$nulls":3},2,{"$nulls":8},2,null,null,{"v":2500,"d":"2,500.00"},{"v":5000,"d":"5,000.00"}]
["20. Triethanolamine","bottle",{"$nulls":3},1,{"$nulls":8},1,null,null,{"v":3300,"d":"3,300.00"},{"v":3300,"d":"3,300.00"}]
["Laboratory Supplies and Materials"]
["21. 125mm #40 Filter Paper","box",{"$nulls":3},4,{"$nulls":5},1,null,null,5,null,null,{"v":1400,"d":"1,400.00"},{"v":7000,"d":"7,000.00"}]
["22. 125mm #41 Filter Paper","box",{"$nulls":3},4,{"$nulls":5},1,null,null,5,null,null,{"v":1400,"d":"1,400.00"},{"v":7000,"d":"7,000.00"}]
["23. Rubber Policeman","piece",{"$nulls":3},4,{"$nulls":8},4,null,null,{"v":200,"d":"200.00"},{"v":800,"d":"800.00"}]
["24 Nickel Crucibles","piece",{"$nulls":3},5,5,{"$nulls":4},10,null,null,20,null,null,{"v":900,"d":"900.00"},{"v":18000,"d":"18,000.00"}]
["25. Phosporic Acid","bottle",{"$nulls":9},1,null,null,1,null,null,{"v":2800,"d":"2,800.00"},{"v":2800,"d":"2,800.00"}]
["26. Acetylene Gas","tank",{"$nulls":4},1,null,null,1,null,1,null,null,3,null,null,{"v":1800,"d":"1,800.00"},{"v":5400,"d":"5,400.00"}]
["27. Heating Element for Oven","piece",{"$nulls":4},1,1,{"$nulls":6},2,null,null,{"v":9900,"d":"9,900.00"},{"v":19800,"d":"19,800.00"}]
["28. Acetic Acid","bottle",{"$nulls":6},1,{"$nulls":5},1,null,null,{"v":2800,"d":"2,800.00"},{"v":2800,"d":"2,800.00"}]
["29. Ammonium Chloride","bottle",{"$nulls":6},2,{"$nulls":5},2,null,null,{"v":1300,"d":"1,300.00"},{"v":2600,"d":"2,600.00"}]
["30. Ammonium Nitrate","bottle",{"$nulls":6},1,null,null,1,null,null,2,null,null,{"v":6000,"d":"6,000.00"},{"v":12000,"d":"12,000.00"}]
["Laboratory Supplies and Materials"]
["31. Citric Acid Monohydrate","bottle",{"$nulls":6},1,{"$nulls":5},1,null,null,{"v":1300,"d":"1,300.00"},{"v":1300,"d":"1,300.00"}]
["32. Hydroflouric Acid","bottle",{"$nulls":6},1,{"$nulls":5},1,null,null,{"v":3500,"d":"3,500.00"},{"v":3500,"d":"3,500.00"}]
["33.Pottasium Bisulfate","bottle",{"$nulls":6},1,{"$nulls":5},1,null,null,{"v":1800,"d":"1,800.00"},{"v":1800,"d":"1,800.00"}]
["34. Pottasium Nitrate","bottle",{"$nulls":6},2,{"$nulls":5},2,null,null,{"v":2800,"d":"2,800.00"},{"v":5600,"d":"5,600.00"}]
["35. Sodium Flouride","bottle",{"$nulls":6},1,{"$nulls":5},1,null,null,{"v":1500,"d":"1,500.00"},{"v":1500,"d":"1,500.00"}]
["36. Sodium Hydroxide","bottle",{"$nulls":6},1,{"$nulls":5},1,null,null,{"v":2300,"d":"2,300.00"},{"v":2300,"d":"2,300.00"}]
["37. Stannous Chloride","bottle",{"$nulls":6},1,{"$nulls":5},1,null,null,{"v":2200,"d":"2,200.00"},{"v":2200,"d":"2,200.00"}]
["38. Nitric Acid","bottle",{"$nulls":7},3,{"$nulls":4},3,null,null,{"v":2800,"d":"2,800.00"},{"v":8400,"d":"8,400.00"}]
["39. Sulfurous Acid","bottle",{"$nulls":7},1,{"$nulls":4},1,null,null,{"v":800,"d":"800.00"},{"v":800,"d":"800.00"}]
["40. Pottasium Hydroxied","bottle",{"$nulls":9},1,null,null,1,null,null,{"v":2200,"d":"2,200.00"},{"v":2200,"d":"2,200.00"}]
["Laboratory Supplies and Materials"]
["41. Zinc Acetate","bottle",{"$nulls":9},1,null,null,1,null,null,{"v":2500,"d":"2,500.00"},{"v":2500,"d":"2,500.00"}]
["42. Sodium Thiosulfate","bottle",{"$nulls":9},1,null,null,1,null,null,{"v":3200,"d":"3,200.00"},{"v":3200,"d":"3,200.00"}]
["43. Ammonium Molybdate","bottle",{"$nulls":9},1,null,null,1,null,null,{"v":5000,"d":"5,000.00"},{"v":5000,"d":"5,000.00"}]
["44. Sodium Peroxide","bottle",{"$nulls":9},1,null,null,1,null,null,{"v":7000,"d":"7,000.00"},{"v":7000,"d":"7,000.00"}]
["45. Authomatic Buret","set",{"$nulls":9},1,null,null,1,null,null,{"v":9500,"d":"9,500.00"},{"v":9500,"d":"9,500.00"}]
[{"$nulls":14},0,{"$nulls":3},0]
["Computer Supplies"]
["1. Anti-Virus","piece",null,null,1,{"$nulls":9},1,null,null,{"v":3500,"d":"3,500.00"},{"v":3500,"d":"3,500.00"}]
["2 USB Flash Drive, 16bg","piece",1,null,null,1,null,null,1,null,null,1,null,null,4,null,null,{"v":500,"d":"500.00"},{"v":2000,"d":"2,000.00"}]
["3 Keyboard, usb port","piece",1,{"$nulls":5},1,{"$nulls":5},2,null,null,{"v":250,"d":"250.00"},{"v":500,"d":"500.00"}]
["4 Laser Pointer (USB)","piece",1,{"$nulls":11},1,null,null,{"v":800,"d":"800.00"},{"v":800,"d":"800.00"}]
["5 USB Port Hub, 4 Ports","piece",1,{"$nulls":4},1,{"$nulls":6},2,null,null,{"v":350,"d":"350.00"},{"v":700,"d":"700.00"}]
["6 HP Toner,  CE285A","tube ",2,{"$nulls":4},2,null,null,2,{"$nulls":3},6,null,null,{"v":3000,"d":"3,000.00"},{"v":18000,"d":"18,000.00"}]
["7 Automatic Voltage Regulator","piece",null,null,1,{"$nulls":9},1,null,null,{"v":350,"d":"350.00"},{"v":350,"d":"350.00"}]
["8 HP Ink Plotter (black)","piece",null,1,{"$nulls":3},1,{"$nulls":6},2,null,null,{"v":4266.45,"d":"4,266.45"},{"v":8532.9,"d":"8,532.90"}]
["9 HP ink Plotter ( Cyan)","piece",null,1,{"$nulls":3},1,{"$nulls":6},2,null,null,{"v":4266.45,"d":"4,266.45"},{"v":8532.9,"d":"8,532.90"}]
["10. HP Ink Plotter ( Magenta)","piece",null,1,{"$nulls":3},1,{"$nulls":6},2,null,null,{"v":4266.45,"d":"4,266.45"},{"v":8532.9,"d":"8,532.90"}]
["11. HP Ink Plotter (Yellow)","piece",null,1,{"$nulls":3},1,{"$nulls":6},2,null,null,{"v":4266.45,"d":"4,266.45"},{"v":8532.9,"d":"8,532.90"}]
["12. HP Printhead and Cleaner (Black)","piece",null,1,{"$nulls":3},1,{"$nulls":6},2,null,null,{"v":6969.15,"d":"6,969.15"},{"v":13938.3,"d":"13,938.30"}]
["13. HP Printhead and Cleaner (Cyan)","piece",null,1,{"$nulls":3},1,{"$nulls":6},2,null,null,{"v":6969.15,"d":"6,969.15"},{"v":13938.3,"d":"13,938.30"}]
["14. HP Printhead and Cleaner ( Magenta)","piece",null,1,{"$nulls":3},1,{"$nulls":6},2,null,null,{"v":6969.15,"d":"6,969.15"},{"v":13938.3,"d":"13,938.30"}]
["15. HP Printhead and Cleaner (Yellow)","piece",null,1,{"$nulls":3},1,{"$nulls":6},2,null,null,{"v":6969.15,"d":"6,969.15"},{"v":13938.3,"d":"13,938.30"}]
["16. EPSON, LX 300+II Ribbon","piece",2,null,2,null,2,null,2,null,2,null,2,null,12,null,null,{"v":125,"d":"125.00"},{"v":1500,"d":"1,500.00"}]
[{"$nulls":14},0,{"$nulls":3},0]
["Computer Equipment and Accessories"]
["1 HP Printer, All in One","piece",null,null,1,2,{"$nulls":5},1,null,null,4,null,null,{"v":4500,"d":"4,500.00"},{"v":18000,"d":"18,000.00"}]
["2 CPU","piece",null,null,1,null,null,1,{"$nulls":6},2,null,null,{"v":9990,"d":"9,990.00"},{"v":19980,"d":"19,980.00"}]
["3 External Hard Drive (500gb)","piece",{"$nulls":9},1,null,null,1,null,null,{"v":4000,"d":"4,000.00"},{"v":4000,"d":"4,000.00"}]
["4 Monitor, LED 18.5\"","piece",1,1,{"$nulls":3},1,{"$nulls":3},1,null,null,4,null,null,{"v":5000,"d":"5,000.00"},{"v":20000,"d":"20,000.00"}]
["5 OS, Genuine, 2007 Version","piece",null,null,1,{"$nulls":9},1,null,null,{"v":7000,"d":"7,000.00"},{"v":7000,"d":"7,000.00"}]
["6 HP, Printer Only","piece",null,null,1,null,null,1,{"$nulls":6},2,null,null,{"v":3500,"d":"3,500.00"},{"v":7000,"d":"7,000.00"}]
["7 Desktop Computer, Complete Set (C.O.)","piece",null,null,2,{"$nulls":9},2,null,null,{"v":45000,"d":"45,000.00"},{"v":90000,"d":"90,000.00"}]
["8 Laptop (C.O.)","piece",null,null,2,{"$nulls":9},2,null,null,{"v":54000,"d":"54,000.00"},{"v":108000,"d":"108,000.00"}]
["9 Broadband Stick, Prepaid","piece",null,3,null,4,{"$nulls":8},7,null,null,{"v":1995,"d":"1,995.00"},{"v":13965,"d":"13,965.00"}]
["10. Programable Calculator","piece",null,2,{"$nulls":10},2,null,null,{"v":15000,"d":"15,000.00"},{"v":30000,"d":"30,000.00"}]
["*OTHER EQUIPMENT AND ACCESSORIES"]
["1 Portable Water Testing Instrument (C.O.)","piece",{"$nulls":7},1,{"$nulls":4},1,null,null,{"v":90000,"d":"90,000.00"},{"v":90000,"d":"90,000.00"}]
["2 Developer/Drum, Photocopier","piece",null,null,1,{"$nulls":5},1,{"$nulls":3},2,null,null,{"v":10000,"d":"10,000.00"},{"v":20000,"d":"20,000.00"}]
["3 Battery, Motor Vehicles","piece",null,null,1,{"$nulls":4},1,{"$nulls":4},2,null,null,{"v":5000,"d":"5,000.00"},{"v":10000,"d":"10,000.00"}]
["4 Tire, Motor Vehicles","piece",{"$nulls":3},2,null,null,2,null,2,null,2,null,8,null,null,{"v":7600,"d":"7,600.00"},{"v":60800,"d":"60,800.00"}]
["5 Dishwashing Paste","piece",1,{"$nulls":5},1,null,null,1,null,null,3,null,null,{"v":20,"d":"20.00"},{"v":60,"d":"60.00"}]
["6 Handheld GPS (C.O.)","piece",{"$nulls":5},1,{"$nulls":6},1,null,null,{"v":27000,"d":"27,000.00"},{"v":27000,"d":"27,000.00"}]
["7 Total Station (C.O.)","piece",{"$nulls":5},1,{"$nulls":6},1,null,null,{"v":315000,"d":"315,000.00"},{"v":315000,"d":"315,000.00"}]
["8 Portable XRD","piece",{"$nulls":7},1,{"$nulls":4},1,null,null,{"v":2700000,"d":"2,700,000.00"},{"v":2700000,"d":"2,700,000.00"}]
["9. Mineral Drinking Water","bottle",100,100,100,100,100,100,100,100,100,100,100,100,1200,null,null,{"v":35,"d":"35.00"},{"v":42000,"d":"42,000.00"}]
[{"$nulls":14},0,{"$nulls":3},0]
[]
["***GRAND TOTAL: …………………………………………………………………………………………………………………………………….",{"$nulls":16},{"v":4903213.683499999,"d":"4,903,213.68"}]
["TOTAL W/ 10% ADDITIONAL PROVISION FOR INFLATION …………………...…………………………………………………………",{"$nulls":16},{"v":5393535.051849999,"d":"5,393,535.05"}]
["APPROVED BUDGET: …………………………………………………………………………………………………………………………….."]
[]
["*Other categories that are not indicated herein"]
["**Prices are FOB Manila/Applicable for items under A."]
["***Grand total for items under A and B"]
[]
[]
["We hereby warrant that the total amount reflected in this Annual Supplies/ Equipment Procurement Plan to procure the listed common-use supplies, materials and equipment has been included in or is within our approved budget for the year. "]
[]
[]
[]
[]
["Prepared by:",null,"Certified Funds Available:",{"$nulls":7},"Approved:",null," "]
[]
[]
[]
["MA. LOURDER R. KINTANAR",null,"AIRA L. TORREGOSA",{"$nulls":8},"LORETO B. ALBURO, CESO VI"]
[" Designated Supply Officer",null,"Accountant II",{"$nulls":7},"                       ","Regional Director"]
[]
[null," "]
["Date Prepared:"]